World Capitals by Directional Proximity #4 - Statistics

General Stats
  • This quiz has been taken 1,093 times
  • The average score is 113 of 196
Answers on the Map
Answers color-coded by a green-red scale on the quiz's map according to % correct below.
 
Answer Stats
Neighbours Capital % Correct
Abuja (NN) Addis Ababa (NW) Algiers (NE) Andorra la Vella (EE) Ankara (WW) Ashgabat (WW) Asmara (NW) Baku (WW) Bangui (NN) Banjul (NE) Beijing (WW) Berlin (SS) Bern (SE) Bishkek (WW) Bissau (NE) Brasília (NE) Brazzaville (NN) Budapest (SW) Cairo (NW) Conakry (NE) Copenhagen (SS) Dakar (NE) Djibouti (NW) Dublin (SE) Dushanbe (WW) Kabul (WW) Kinshasa (NN) Libreville (NN) London (SE) Luanda (NN) Madrid (EE) Malabo (NN) Minsk (SW) Moscow (SW) N'Djamena (NN) Nouakchott (NE) Ottawa (EE) Paris (SE) Podgorica (WW) Prague (SS) Praia (NE) Pristina (WW) Pyongyang (WW) Reykjavík (SE) Sana'a (NW) São Tomé (NN) Seoul (WW) Skopje (WW) Sofia (WW) Tashkent (WW) Tbilisi (WW) Tirana (WW) Tokyo (WW) Tripoli (NN) Vatican City (any) Victoria (NW) Washington D.C. (EE) Windhoek (NN) Yaoundé (NN) Yerevan (WW) Rome
90%
Abuja (NN) Addis Ababa (NW) Algiers (NE) Andorra la Vella (EE) Ankara (WW) Ashgabat (WW) Asmara (NW) Baku (WW) Bangui (NN) Banjul (NE) Beijing (WW) Berlin (SS) Bern (SE) Bishkek (WW) Bissau (NE) Brasília (NE) Brazzaville (NN) Budapest (SW) Cairo (NW) Conakry (NE) Copenhagen (SS) Dakar (NE) Djibouti (NW) Dublin (SE) Dushanbe (WW) Kabul (WW) Kinshasa (NN) Libreville (NN) London (SE) Luanda (NN) Madrid (EE) Malabo (NN) Minsk (SW) Moscow (SW) N'Djamena (NN) Nouakchott (NE) Ottawa (EE) Paris (SE) Podgorica (WW) Prague (SS) Praia (NE) Pristina (WW) Pyongyang (WW) Reykjavík (SE) Rome (any) Sana'a (NW) São Tomé (NN) Seoul (WW) Skopje (WW) Sofia (WW) Tashkent (WW) Tbilisi (WW) Tirana (WW) Tokyo (WW) Tripoli (NN) Victoria (NW) Washington D.C. (EE) Windhoek (NN) Yaoundé (NN) Yerevan (WW) Vatican City
90%
Abuja (NN) Algiers (NE) Ashgabat (WW) Asmara (NW) Athens (NW) Baku (WW) Bangui (NN) Banjul (NE) Beijing (WW) Belgrade (WW) Berlin (SS) Bern (SE) Bishkek (WW) Bissau (NE) Brasília (NE) Bratislava (SW) Brazzaville (NN) Brussels (SE) Bucharest (WW) Budapest (SW) Cairo (NW) Copenhagen (SS) Dakar (NE) Djibouti (NW) Dublin (SE) Dushanbe (WW) Kinshasa (NN) Libreville (NN) London (SE) Luanda (NN) Luxembourg (SE) Malabo (NN) Minsk (SW) Monaco (EE) Moscow (SW) N'Djamena (NN) Nouakchott (NE) Ottawa (EE) Paris (SE) Praia (NE) Pyongyang (WW) Reykjavík (SE) Rome (NN) Sana'a (NW) São Tomé (NN) Sarajevo (WW) Seoul (WW) Sofia (WW) Tashkent (WW) Tbilisi (WW) Tokyo (WW) Tripoli (NN) Ulaanbaatar (WW) Vatican City (NN) Vilnius (SW) Washington D.C. (EE) Windhoek (NN) Yaoundé (NN) Yerevan (WW) Zagreb (SW) San Marino
86%
Algiers (EE) Amsterdam (SE) Ashgabat (WW) Baku (WW) Bamako (NE) Bangui (NN) Beijing (WW) Bern (SE) Bishkek (WW) Bissau (NE) Brussels (SE) Bujumbura (NN) Cairo (NW) Conakry (NE) Dublin (SE) Dushanbe (WW) Freetown (NE) Gaborone (NN) Helsinki (SS) Islamabad (WW) Kabul (WW) Kigali (NN) Lisbon (EE) Ljubljana (SE) London (SE) Lusaka (NN) Luxembourg (SE) Madrid (EE) Maseru (NN) Minsk (SS) Monrovia (NE) Niamey (NE) Ouagadougou (NE) Paris (SE) Podgorica (SE) Pretoria (NN) Pyongyang (WW) Rabat (EE) Reykjavík (SE) Riga (SS) San Marino (SE) Sana'a (NW) Seoul (WW) Tallinn (SS) Tashkent (WW) Tehran (WW) Tirana (SE) Tokyo (WW) Tunis (EE) Vaduz (SE) Vilnius (SS) Washington D.C. (EE) Yamoussoukro (NE) Yerevan (WW) Zagreb (SE) Athens
83%
Addis Ababa (NW) Algiers (SE) Andorra la Vella (SE) Ankara (SS) Ashgabat (SW) Asmara (WW) Astana (SW) Bamako (EE) Bangkok (WW) Bangui (NE) Banjul (EE) Beirut (SS) Bissau (EE) Brazzaville (NE) Bridgetown (EE) Bujumbura (NN) Castries (EE) Dakar (EE) Dodoma (NN) Dushanbe (SW) Gaborone (NN) Hanoi (WW) Harare (NN) Jerusalem (SS) Juba (NN) Kampala (NN) Kigali (NN) Kinshasa (NE) Kuwait City (SW) Lilongwe (NN) London (SE) Luanda (NE) Lusaka (NN) Madrid (SE) Manila (WW) Maputo (NN) Maseru (NN) Mbabane (NN) Mogadishu (NW) Monaco (SE) Moscow (SS) Naypyidaw (WW) Niamey (EE) Nicosia (SS) Nouakchott (EE) Ouagadougou (EE) Paris (SE) Phnom Penh (WW) Praia (EE) Pretoria (NN) Roseau (EE) Saint John's (EE) Sana'a (WW) Tashkent (SW) Tehran (SW) Tripoli (SE) Tunis (SE) Valletta (SE) Victoria (NW) Vientiane (WW) Khartoum
83%
Abuja (NE) Accra (NE) Amsterdam (SE) Ankara (SS) Astana (SW) Athens (SE) Beirut (SW) Bern (SE) Brussels (SE) Bujumbura (NN) Damascus (SW) Dodoma (NN) Dublin (SE) Harare (NN) Islamabad (WW) Juba (NN) Kabul (WW) Kampala (NN) Kathmandu (WW) Khartoum (NN) Kigali (NN) Kuwait City (WW) Lilongwe (NN) Ljubljana (SE) Lomé (NE) London (SE) Lusaka (NN) Luxembourg (SE) Malabo (NE) Maputo (NN) Maseru (NN) Mbabane (NN) Monaco (SE) Nairobi (NN) N'Djamena (NE) New Delhi (WW) Paris (SE) Podgorica (SE) Porto-Novo (NE) Pretoria (NN) Rabat (EE) Reykjavík (SE) Rome (SE) San Marino (SE) Sana'a (NW) São Tomé (NE) Sarajevo (SE) Taipei (WW) Tbilisi (SW) Thimphu (WW) Tirana (SE) Tokyo (WW) Vaduz (SE) Vatican City (SE) Yaoundé (NE) Yerevan (SW) Zagreb (SE) Cairo
82%
Abuja (NN) Accra (NN) Algiers (NN) Amman (NW) Andorra la Vella (NN) Asmara (NW) Astana (WW) Athens (NW) Bamako (NN) Berlin (WW) Bern (NW) Cairo (NW) Djibouti (NW) Georgetown (NE) Jerusalem (NW) Khartoum (NW) Kiev (WW) Lomé (NN) Minsk (WW) Niamey (NN) Oslo (SW) Ouagadougou (NN) Paramaribo (NE) Porto-Novo (NN) Prague (WW) Reykjavík (SE) Riyadh (NW) Rome (NW) San Marino (NW) Sana'a (NW) Stockholm (SW) Tirana (NW) Ulaanbaatar (WW) Vatican City (NW) Victoria (NW) Warsaw (WW) Yamoussoukro (NN) London
82%
Amman (NW) Amsterdam (SE) Andorra la Vella (EE) Ankara (WW) Ashgabat (WW) Athens (NW) Baku (WW) Bamako (NE) Bangui (NN) Banjul (NE) Beijing (WW) Belgrade (SS) Bishkek (WW) Bissau (NE) Brasília (NE) Brussels (SE) Cairo (NW) Chișinău (SW) Conakry (NE) Dakar (NE) Dushanbe (WW) Freetown (NE) Gaborone (NN) Helsinki (SS) Jerusalem (NW) Kabul (WW) Kiev (SW) Lisbon (EE) Ljubljana (SE) London (SE) Luxembourg (SE) Madrid (EE) Monrovia (NE) Moscow (SW) N'Djamena (NN) Nouakchott (NE) Ottawa (EE) Podgorica (any) Pristina (SW) Pyongyang (WW) Reykjavík (SE) Riyadh (NW) Rome (EE) Sana'a (NW) Seoul (WW) Tallinn (SS) Tashkent (WW) Tbilisi (WW) Tokyo (WW) Vaduz (SE) Valletta (NE) Vatican City (EE) Warsaw (SS) Washington D.C. (EE) Windhoek (NN) Yerevan (WW) Tirana
80%
Algiers (WW) Amman (WW) Andorra la Vella (WW) Ankara (WW) Athens (WW) Baghdad (WW) Baku (WW) Beirut (WW) Belgrade (WW) Bogotá (NN) Bucharest (WW) Damascus (WW) Jerusalem (WW) Kingston (NN) Lima (NN) Lisbon (WW) Madrid (WW) Mexico City (NE) Monaco (WW) Nassau (NN) Nicosia (WW) Ottawa (SS) Panama City (NN) Podgorica (WW) Pristina (WW) Quito (NN) Rabat (WW) Reykjavík (SW) Rome (WW) San Marino (WW) Santiago (NN) Sarajevo (WW) Skopje (WW) Sofia (WW) Tbilisi (WW) Tirana (WW) Tripoli (WW) Tunis (WW) Valletta (WW) Vatican City (WW) Yerevan (WW) Washington D.C.
80%
Abu Dhabi (NW) Amman (NW) Amsterdam (SE) Andorra la Vella (EE) Athens (NN) Baku (WW) Bamako (NE) Bangui (NN) Banjul (NE) Beijing (WW) Beirut (NW) Belgrade (SE) Bishkek (WW) Bissau (NE) Brasília (NE) Bratislava (SE) Bucharest (SW) Chișinău (SW) Conakry (NE) Dakar (NE) Damascus (NW) Doha (NW) Dushanbe (WW) Freetown (NE) Gaborone (NN) Helsinki (SS) Jerusalem (NW) Kigali (NN) Lisbon (EE) Lusaka (NN) Madrid (EE) Malé (NW) Manama (NW) Maseru (NN) Monaco (EE) Moscow (SW) Nicosia (NW) Nouakchott (NE) Ottawa (EE) Ouagadougou (NE) Podgorica (EE) Prague (SE) Pretoria (NN) Pristina (EE) Pyongyang (WW) Reykjavík (SE) Riga (SS) Riyadh (NW) Rome (EE) San Marino (EE) Seoul (WW) Tallinn (SS) Tashkent (WW) Tbilisi (WW) Tokyo (WW) Tripoli (NE) Valletta (NE) Vatican City (EE) Vienna (SE) Vilnius (SS) Washington D.C. (EE) Yamoussoukro (NE) Yerevan (WW) Sofia
78%
Abu Dhabi (SW) Abuja (EE) Accra (EE) Andorra la Vella (SE) Antananarivo (NN) Asmara (SE) Baghdad (SS) Bamako (EE) Bangkok (WW) Banjul (EE) Bern (SE) Bishkek (SW) Bissau (EE) Bujumbura (NE) Colombo (WW) Conakry (EE) Dakar (EE) Dublin (SE) Dushanbe (SW) Freetown (EE) Islamabad (SW) Kabul (SW) Kampala (NE) Kigali (NE) Ljubljana (SE) Lomé (EE) London (SE) Manila (WW) Monaco (SE) Moroni (NN) Muscat (SW) N'Djamena (EE) Niamey (EE) Ouagadougou (EE) Paris (SE) Phnom Penh (WW) Porto-Novo (EE) Praia (EE) Reykjavík (SE) Rome (SE) San Marino (SE) Tashkent (SW) Tbilisi (SS) Tripoli (SE) Tunis (SE) Valletta (SE) Vatican City (SE) Victoria (NW) Windhoek (NE) Yerevan (SS) Djibouti
77%
Abuja (NE) Accra (NE) Algiers (EE) Amsterdam (SE) Ashgabat (WW) Beijing (WW) Beirut (NW) Belgrade (SE) Berlin (SE) Bratislava (SE) Brussels (SE) Budapest (SE) Bujumbura (NN) Dodoma (NN) Dushanbe (WW) Harare (NN) Islamabad (WW) Juba (NN) Kabul (WW) Kampala (NN) Kathmandu (WW) Khartoum (NN) Kigali (NN) Lilongwe (NN) Lisbon (EE) Ljubljana (SE) Lomé (NE) Luxembourg (SE) Malabo (NE) Maputo (NN) Maseru (NN) Mbabane (NN) Moscow (SS) Nairobi (NN) N'Djamena (NE) New Delhi (WW) Niamey (NE) Ouagadougou (NE) Porto-Novo (NE) Prague (SE) Pretoria (NN) Pristina (SE) Pyongyang (WW) Rabat (EE) Reykjavík (SE) Riyadh (NW) São Tomé (NE) Sarajevo (SE) Seoul (WW) Skopje (SE) Sofia (SE) Tbilisi (SW) Tehran (WW) Tokyo (WW) Tripoli (EE) Tunis (EE) Valletta (EE) Vienna (SE) Washington D.C. (EE) Zagreb (SE) Nicosia
77%
Abu Dhabi (SW) Abuja (EE) Addis Ababa (NE) Amsterdam (SE) Antananarivo (NN) Asmara (EE) Athens (SE) Baghdad (SS) Bamako (EE) Bangkok (WW) Banjul (EE) Bern (SE) Bishkek (SW) Bissau (EE) Brussels (SE) Bujumbura (NE) Cairo (SE) Dakar (EE) Dublin (SE) Dushanbe (SW) Islamabad (SW) Juba (NE) Kabul (SW) Kampala (NE) Khartoum (EE) Kigali (NE) Ljubljana (SE) London (SE) Luanda (NE) Luxembourg (SE) Manila (WW) Mogadishu (NN) Monaco (SE) Moroni (NN) N'Djamena (EE) Niamey (EE) Nouakchott (EE) Ouagadougou (EE) Paris (SE) Phnom Penh (WW) Podgorica (SE) Prague (SE) Praia (EE) Pristina (SE) Reykjavík (SE) Rome (SE) San Marino (SE) Sarajevo (SE) Skopje (SE) Tashkent (SW) Tbilisi (SS) Tirana (SE) Tunis (SE) Vaduz (SE) Valletta (SE) Vatican City (SE) Vienna (SE) Vientiane (WW) Yerevan (SS) Zagreb (SE) Sana'a
77%
Abu Dhabi (NW) Abuja (NE) Accra (NE) Addis Ababa (NN) Algiers (EE) Andorra la Vella (EE) Ashgabat (WW) Baghdad (NW) Baku (WW) Beijing (WW) Berlin (SE) Bishkek (WW) Bratislava (SE) Bucharest (SE) Budapest (SE) Bujumbura (NN) Cairo (NN) Copenhagen (SE) Dodoma (NN) Doha (NW) Dushanbe (WW) Harare (NN) Juba (NN) Kampala (NN) Khartoum (NN) Kigali (NN) Kuwait City (NW) Lilongwe (NN) Lisbon (EE) Lomé (NE) Lusaka (NN) Madrid (EE) Malé (NW) Manama (NW) Maputo (NN) Maseru (NN) Mbabane (NN) Monrovia (NE) Muscat (NW) Nairobi (NN) Niamey (NE) Nicosia (NN) Ottawa (EE) Ouagadougou (NE) Porto-Novo (NE) Prague (SE) Pretoria (NN) Pyongyang (WW) Reykjavík (SE) Riyadh (NW) Rome (EE) Seoul (WW) Tashkent (WW) Tirana (EE) Tokyo (WW) Tunis (EE) Vatican City (EE) Vienna (SE) Washington D.C. (EE) Yamoussoukro (NE) Yerevan (WW) Ankara
76%
Addis Ababa (NN) Andorra la Vella (SE) Ashgabat (SW) Astana (SW) Bamako (EE) Bangkok (WW) Banjul (EE) Bern (SE) Bishkek (SW) Bissau (EE) Brazzaville (NE) Dakar (EE) Djibouti (NW) Dodoma (NN) Doha (SW) Dublin (SE) Dushanbe (SW) Kabul (SW) Khartoum (EE) Kinshasa (NE) Lilongwe (NN) London (SE) Luanda (NE) Luxembourg (SE) Manama (SW) Manila (WW) Maputo (NN) Monaco (SE) Moroni (NN) Nairobi (NN) Naypyidaw (WW) N'Djamena (EE) Niamey (EE) Nouakchott (EE) Ouagadougou (EE) Paris (SE) Phnom Penh (WW) Praia (EE) Reykjavík (SE) Riyadh (SW) Rome (SE) San Marino (SE) Sana'a (WW) Tashkent (SW) Tripoli (SE) Tunis (SE) Vaduz (SE) Valletta (SE) Vatican City (SE) Victoria (NW) Vientiane (WW) Asmara
76%
Abu Dhabi (NW) Addis Ababa (NN) Amsterdam (EE) Ankara (NN) Astana (WW) Baku (NW) Bamako (NE) Banjul (NE) Belgrade (NE) Bissau (NE) Brussels (EE) Bujumbura (NN) Cairo (NN) Colombo (NW) Conakry (NE) Dakar (NE) Dodoma (NN) Dublin (EE) Freetown (NE) Gaborone (NN) Harare (NN) Jakarta (NW) Juba (NN) Kampala (NN) Khartoum (NN) Kigali (NN) Lilongwe (NN) London (EE) Lusaka (NN) Luxembourg (EE) Maputo (NN) Maseru (NN) Mbabane (NN) Moscow (SW) Muscat (NW) Nicosia (NN) Nouakchott (NE) Oslo (SE) Ottawa (EE) Paris (EE) Podgorica (NE) Prague (EE) Pretoria (NN) Pristina (NE) Sarajevo (NE) Skopje (NE) Stockholm (SE) Tbilisi (NW) Tehran (NW) Tirana (NE) Tripoli (NE) Tunis (NE) Ulaanbaatar (WW) Valletta (NE) Vilnius (SE) Yerevan (NW) Kiev
76%
Abuja (NE) Accra (NE) Addis Ababa (NN) Amsterdam (SE) Asmara (NN) Astana (SW) Baku (SW) Belgrade (SE) Berlin (SE) Bratislava (SE) Brussels (SE) Budapest (SE) Dodoma (NN) Islamabad (WW) Jerusalem (any) Juba (NN) Kabul (WW) Kampala (NN) Kathmandu (WW) Kigali (NN) Libreville (NE) Lilongwe (NN) Ljubljana (SE) Lomé (NE) London (SE) Luxembourg (SE) Malabo (NE) Malé (NW) Maputo (NN) Mbabane (NN) Moroni (NN) Moscow (SS) Nairobi (NN) N'Djamena (NE) New Delhi (WW) Podgorica (SE) Porto-Novo (NE) Prague (SE) Pristina (SE) Rabat (EE) Reykjavík (SE) Riyadh (NW) São Tomé (NE) Sarajevo (SE) Seoul (WW) Skopje (SE) Sofia (SE) Tbilisi (SW) Tirana (SE) Tokyo (WW) Tripoli (EE) Vaduz (SE) Vienna (SE) Washington D.C. (EE) Yaoundé (NE) Yerevan (SW) Zagreb (SE) Amman
75%
Algiers (SW) Asmara (WW) Asunción (NE) Basseterre (EE) Belgrade (SW) Belmopan (EE) Brasília (NE) Bratislava (SW) Bridgetown (EE) Budapest (SW) Caracas (EE) Castries (EE) Conakry (NW) Djibouti (WW) Gaborone (NW) Guatemala City (EE) Khartoum (WW) Kiev (SW) Kingston (EE) Kingstown (EE) Ljubljana (SW) Luanda (NW) Managua (EE) Maseru (NW) Mbabane (NW) Mexico City (EE) Minsk (SW) Monaco (SW) Monrovia (NW) Moscow (SW) N'Djamena (WW) Niamey (WW) Ouagadougou (WW) Podgorica (SW) Port-au-Prince (EE) Port-of-Spain (EE) Prague (SW) Praia (EE) Pretoria (NW) Pristina (SW) Rome (SW) Roseau (EE) Saint George's (EE) Saint John's (EE) San José (EE) San Marino (SW) San Salvador (EE) Sana'a (WW) Santiago (NE) Santo Domingo (EE) Sarajevo (SW) Skopje (SW) Sofia (SW) Tegucigalpa (EE) Tirana (SW) Tunis (SW) Valletta (SW) Vatican City (SW) Vienna (SW) Vilnius (SW) Windhoek (NW) Zagreb (SW) Dakar
75%
Abuja (NE) Accra (NE) Addis Ababa (NN) Amman (any) Amsterdam (SE) Astana (SW) Baku (SW) Beirut (SS) Belgrade (SE) Berlin (SE) Bern (SE) Bratislava (SE) Brussels (SE) Budapest (SE) Bujumbura (NN) Dodoma (NN) Dublin (SE) Harare (NN) Islamabad (WW) Juba (NN) Kabul (WW) Kampala (NN) Kathmandu (WW) Khartoum (NN) Kigali (NN) Libreville (NE) Lilongwe (NN) Ljubljana (SE) Lomé (NE) London (SE) Luxembourg (SE) Malabo (NE) Maputo (NN) Mbabane (NN) Moscow (SS) Nairobi (NN) N'Djamena (NE) New Delhi (WW) Podgorica (SE) Porto-Novo (NE) Prague (SE) Pristina (SE) Rabat (EE) Reykjavík (SE) São Tomé (NE) Sarajevo (SE) Seoul (WW) Skopje (SE) Sofia (SE) Tbilisi (SW) Tirana (SE) Tokyo (WW) Tripoli (EE) Vaduz (SE) Vienna (SE) Washington D.C. (EE) Yaoundé (NE) Yerevan (SW) Zagreb (SE) Jerusalem
75%
Bamako (WW) Banjul (WW) Basseterre (WW) Belmopan (EE) Brasília (NW) Caracas (NW) Dakar (WW) Havana (SE) Lima (NN) Mexico City (EE) N'Djamena (WW) Niamey (WW) Nouakchott (WW) Ottawa (SS) Ouagadougou (WW) Port-au-Prince (WW) Praia (WW) Quito (NN) Saint John's (WW) San José (NE) Santo Domingo (WW) Kingston
75%
Amman (NW) Amsterdam (SE) Andorra la Vella (EE) Ashgabat (WW) Athens (NW) Baku (WW) Bamako (NE) Bangui (NN) Banjul (NE) Beijing (WW) Bishkek (WW) Bissau (NE) Brasília (NE) Brazzaville (NN) Brussels (SE) Cairo (NW) Conakry (NE) Dakar (NE) Dushanbe (WW) Freetown (NE) Jerusalem (NW) Kiev (SW) Kinshasa (NN) Lisbon (EE) Ljubljana (SE) Luxembourg (SE) Madrid (EE) Monaco (EE) Monrovia (NE) Moscow (SW) N'Djamena (NN) Nouakchott (NE) Ottawa (EE) Pristina (WW) Pyongyang (WW) Reykjavík (SE) Riyadh (NW) Rome (EE) Sana'a (NW) Seoul (WW) Sofia (WW) Tashkent (WW) Tbilisi (WW) Tirana (any) Tokyo (WW) Tunis (NE) Vatican City (EE) Warsaw (SS) Washington D.C. (EE) Windhoek (NN) Yerevan (WW) Podgorica
75%
Abu Dhabi (NW) Abuja (NN) Amman (NW) Andorra la Vella (NE) Ankara (NW) Astana (WW) Baghdad (NW) Bangui (NN) Beirut (NW) Belgrade (NW) Bishkek (WW) Brasília (NE) Bratislava (NW) Brazzaville (NN) Brussels (EE) Bucharest (NW) Budapest (NW) Dakar (NE) Damascus (NW) Doha (NW) Jerusalem (NW) Kiev (WW) Kinshasa (NN) Kuwait City (NW) Libreville (NN) Ljubljana (NN) London (EE) Luanda (NN) Luxembourg (EE) Madrid (NE) Malé (NW) Manama (NW) Monaco (NE) Muscat (NW) N'Djamena (NN) Nicosia (NW) Nouakchott (NE) Ottawa (EE) Paris (EE) Praia (NE) Rabat (NE) Reykjavík (SE) Riga (SW) Riyadh (NW) Rome (NN) Sana'a (NW) Sofia (NW) Tripoli (NN) Ulaanbaatar (WW) Vaduz (NE) Valletta (NN) Vatican City (NN) Windhoek (NN) Yaoundé (NN) Prague
75%
Abuja (NN) Addis Ababa (NW) Algiers (EE) Andorra la Vella (SE) Ankara (WW) Ashgabat (WW) Asmara (NW) Asunción (NE) Athens (WW) Baghdad (WW) Baku (WW) Banjul (NE) Beijing (WW) Beirut (WW) Belgrade (SW) Berlin (SS) Bissau (NE) Brasília (NE) Brazzaville (NN) Chișinău (SW) Conakry (NE) Copenhagen (SS) Dakar (NE) Damascus (WW) Djibouti (NW) Dushanbe (WW) Freetown (NE) Islamabad (WW) Kabul (WW) Khartoum (NW) Kiev (SW) Kinshasa (NN) Libreville (NN) Lisbon (EE) Luanda (NN) Malabo (NN) Minsk (SW) Mogadishu (NW) Moscow (SW) Nicosia (WW) Nouakchott (NE) Oslo (SS) Podgorica (SW) Praia (NE) Pyongyang (WW) Reykjavík (SE) Sana'a (NW) São Tomé (NN) Sarajevo (SW) Seoul (WW) Tehran (WW) Victoria (NW) Washington D.C. (EE) Yaoundé (NN) Yerevan (WW) Tunis
75%
Addis Ababa (NW) Algiers (EE) Ashgabat (WW) Asmara (NW) Baghdad (WW) Baku (WW) Bamako (NE) Bangui (NN) Banjul (NE) Beijing (WW) Beirut (WW) Bissau (NE) Brasília (NE) Bratislava (SS) Brazzaville (NN) Bucharest (SW) Chișinău (SW) Conakry (NE) Dakar (NE) Damascus (WW) Djibouti (NW) Dublin (SE) Dushanbe (WW) Freetown (NE) Islamabad (WW) Kabul (WW) Khartoum (NW) Kiev (SW) Kinshasa (NN) Libreville (NN) Lisbon (EE) Luanda (NN) Malabo (NN) Mogadishu (NW) Monrovia (NE) Moscow (SW) N'Djamena (NN) Nicosia (WW) Pristina (SW) Pyongyang (WW) Rabat (EE) Reykjavík (SE) Sana'a (NW) Seoul (WW) Skopje (SW) Sofia (SW) Stockholm (SS) Tashkent (WW) Tehran (WW) Tirana (SW) Victoria (NW) Vienna (SS) Washington D.C. (EE) Windhoek (NN) Yaoundé (NN) Zagreb (SS) Valletta
75%
Abu Dhabi (NW) Algiers (NE) Amman (NW) Ankara (NW) Astana (WW) Baghdad (NW) Bangui (NN) Banjul (NE) Beirut (NW) Berlin (SE) Bern (EE) Bishkek (WW) Brasília (NE) Brazzaville (NN) Chișinău (WW) Dakar (NE) Damascus (NW) Doha (NW) Gaborone (NN) Jerusalem (NW) Kinshasa (NN) Kuwait City (NW) Malé (NW) Manama (NW) Minsk (SW) Moscow (SW) Muscat (NW) N'Djamena (NN) Nicosia (NW) Nouakchott (NE) Ottawa (EE) Paris (EE) Podgorica (NN) Prague (SE) Praia (NE) Reykjavík (SE) Riyadh (NW) Rome (NE) San Marino (NE) Sarajevo (NN) Tashkent (WW) Tirana (NN) Ulaanbaatar (WW) Vaduz (EE) Vatican City (NE) Windhoek (NN) Yaoundé (NN) Zagreb (NE) Budapest
74%
Addis Ababa (WW) Algiers (SS) Amsterdam (SS) Andorra la Vella (SS) Ankara (SW) Asmara (WW) Athens (SW) Bamako (EE) Banjul (EE) Basseterre (EE) Belmopan (EE) Bissau (EE) Brazzaville (NW) Bridgetown (EE) Brussels (SS) Bucharest (SW) Buenos Aires (NE) Caracas (EE) Castries (EE) Chișinău (SW) Colombo (WW) Dakar (EE) Djibouti (WW) Guatemala City (EE) Harare (NW) Khartoum (WW) Kingston (EE) Kingstown (EE) Kinshasa (NW) Libreville (NW) Lilongwe (NW) London (SS) Lusaka (NW) Luxembourg (SS) Malabo (NW) Managua (EE) Maputo (NW) Montevideo (NE) N'Djamena (WW) Nicosia (SW) Panama City (EE) Paris (SS) Port-of-Spain (EE) Praia (EE) Roseau (EE) Saint George's (EE) Saint John's (EE) San José (EE) San Salvador (EE) Sana'a (WW) Sofia (SW) Tegucigalpa (EE) Ouagadougou
74%
Addis Ababa (NW) Amman (WW) Andorra la Vella (SE) Ashgabat (WW) Asmara (NW) Asunción (NE) Baghdad (WW) Bamako (NE) Bangui (NN) Banjul (NE) Beijing (WW) Beirut (WW) Berlin (SS) Bissau (NE) Brazzaville (NN) Bucharest (SW) Chișinău (SW) Conakry (NE) Damascus (WW) Djibouti (NW) Dushanbe (WW) Freetown (NE) Islamabad (WW) Jerusalem (WW) Kabul (WW) Kathmandu (WW) Khartoum (NW) Kiev (SW) Kinshasa (NN) Kuwait City (WW) Libreville (NN) Ljubljana (SS) Luanda (NN) Malabo (NN) Mogadishu (NW) Monrovia (NE) Moscow (SW) N'Djamena (NN) New Delhi (WW) Nicosia (WW) Prague (SS) Pyongyang (WW) Rabat (EE) Reykjavík (SE) Seoul (WW) Skopje (SW) Sofia (SW) Stockholm (SS) Tehran (WW) Thimphu (WW) Victoria (NW) Vienna (SS) Washington D.C. (EE) Windhoek (NN) Yaoundé (NN) Zagreb (SS) Tripoli
74%
Accra (NW) Addis Ababa (WW) Asmara (WW) Athens (SW) Banjul (EE) Belgrade (SW) Belmopan (EE) Bissau (EE) Brazzaville (NW) Bridgetown (EE) Bucharest (SW) Buenos Aires (NE) Caracas (EE) Castries (EE) Chișinău (SW) Colombo (WW) Djibouti (WW) Dublin (SS) Freetown (NE) Gaborone (NW) Guatemala City (EE) Khartoum (WW) Kiev (SW) Kingston (EE) Kingstown (EE) Kinshasa (NW) Libreville (NW) Lomé (NW) London (SS) Luanda (NW) Madrid (SS) Managua (EE) Maputo (NW) Mbabane (NW) Mexico City (EE) Montevideo (NE) N'Djamena (WW) Niamey (WW) Nouakchott (SE) Ouagadougou (WW) Panama City (EE) Podgorica (SW) Port-of-Spain (EE) Praia (EE) Pretoria (NW) Pristina (SW) Rabat (SS) Roseau (EE) Saint George's (EE) Saint John's (EE) San José (EE) San Salvador (EE) Sana'a (WW) São Tomé (NW) Sarajevo (SW) Skopje (SW) Sofia (SW) Tegucigalpa (EE) Tirana (SW) Tripoli (SW) Valletta (SW) Bamako
73%
Abuja (NE) Accra (NE) Addis Ababa (NN) Algiers (EE) Amsterdam (SE) Asmara (NN) Baghdad (WW) Belgrade (SE) Berlin (SE) Bratislava (SE) Brussels (SE) Budapest (SE) Bujumbura (NN) Cairo (NE) Copenhagen (SE) Damascus (any) Dodoma (NN) Dushanbe (WW) Harare (NN) Islamabad (WW) Jerusalem (NN) Juba (NN) Kabul (WW) Kampala (NN) Kathmandu (WW) Khartoum (NN) Kigali (NN) Libreville (NE) Lilongwe (NN) Lisbon (EE) Ljubljana (SE) Lomé (NE) Luxembourg (SE) Malabo (NE) Maputo (NN) Mbabane (NN) Moscow (SS) Nairobi (NN) N'Djamena (NE) New Delhi (WW) Nicosia (SE) Porto-Novo (NE) Prague (SE) Pristina (SE) Pyongyang (WW) Rabat (EE) Reykjavík (SE) Riyadh (NW) São Tomé (NE) Sarajevo (SE) Seoul (WW) Skopje (SE) Sofia (SE) Tbilisi (SW) Tehran (WW) Tokyo (WW) Tripoli (EE) Tunis (EE) Valletta (EE) Vienna (SE) Washington D.C. (EE) Yaoundé (NE) Yerevan (SW) Zagreb (SE) Beirut
73%
Abu Dhabi (NW) Abuja (NN) Amman (NW) Amsterdam (EE) Andorra la Vella (NE) Ankara (NW) Astana (WW) Baghdad (NW) Beirut (NW) Brazzaville (NN) Bucharest (NW) Budapest (NW) Damascus (NW) Doha (NW) Dublin (EE) Helsinki (SW) Jerusalem (NW) Kinshasa (NN) Kuwait City (NW) Libreville (NN) Lisbon (NE) Ljubljana (NN) London (EE) Luanda (NN) Madrid (NE) Malabo (NN) Malé (NW) Manama (NW) Minsk (WW) Muscat (NW) N'Djamena (NN) Nicosia (NW) Rabat (NE) Riga (SW) Riyadh (NW) Rome (NN) San Marino (NN) Tallinn (SW) Tripoli (NN) Tunis (NN) Ulaanbaatar (WW) Valletta (NN) Vatican City (NN) Warsaw (WW) Windhoek (NN) Yaoundé (NN) Berlin
73%
Abuja (NN) Accra (NN) Andorra la Vella (NE) Asmara (NW) Astana (WW) Athens (NW) Bishkek (WW) Budapest (WW) Cairo (NW) Chișinău (WW) Djibouti (NW) Dublin (SE) Helsinki (SW) Jerusalem (NW) Libreville (NN) Lomé (NN) London (SE) Madrid (NE) Malabo (NN) Monaco (NN) Niamey (NN) Oslo (SS) Ottawa (EE) Porto-Novo (NN) Praia (NE) Rabat (NE) Reykjavík (SE) Riga (SW) Riyadh (NW) Rome (NW) San Marino (NW) Sana'a (NW) São Tomé (NN) Tallinn (SW) Tashkent (WW) Ulaanbaatar (WW) Vaduz (WW) Vatican City (NW) Yaoundé (NN) Bern
73%
Abuja (NN) Accra (NN) Algiers (NN) Andorra la Vella (NN) Asmara (NW) Astana (WW) Athens (NW) Bratislava (WW) Budapest (WW) Cairo (NW) Chișinău (WW) Copenhagen (SW) Djibouti (NW) Dublin (SE) Helsinki (SW) Khartoum (NW) Kiev (WW) Lisbon (NE) Lomé (NN) Niamey (NN) Ottawa (EE) Ouagadougou (NN) Paramaribo (NE) Porto-Novo (NN) Prague (WW) Reykjavík (SE) Rome (NW) San Marino (NW) Sana'a (NW) São Tomé (NN) Stockholm (SW) Tallinn (SW) Ulaanbaatar (WW) Vatican City (NW) Victoria (NW) Vienna (WW) Yamoussoukro (NN) Paris
73%
Amman (NW) Amsterdam (SE) Andorra la Vella (EE) Ashgabat (WW) Baku (WW) Bamako (NE) Bangui (NN) Banjul (NE) Beijing (WW) Beirut (NW) Bishkek (WW) Bissau (NE) Brasília (NE) Brussels (SE) Chișinău (SW) Conakry (NE) Dakar (NE) Damascus (NW) Dushanbe (WW) Freetown (NE) Gaborone (NN) Helsinki (SS) Jerusalem (NW) Kiev (SW) Lisbon (EE) Ljubljana (SE) Madrid (EE) Maseru (NN) Monaco (EE) Moscow (SW) N'Djamena (NN) Nicosia (NW) Nouakchott (NE) Ottawa (EE) Podgorica (EE) Pyongyang (WW) Reykjavík (SE) Riga (SS) Riyadh (NW) Rome (EE) Sana'a (NW) Seoul (WW) Skopje (any) Sofia (WW) Tallinn (SS) Tashkent (WW) Tbilisi (WW) Tirana (NE) Tokyo (WW) Ulaanbaatar (WW) Valletta (NE) Vatican City (EE) Washington D.C. (EE) Windhoek (NN) Yerevan (WW) Zagreb (SE) Pristina
73%
Amman (NW) Amsterdam (SE) Andorra la Vella (EE) Ashgabat (WW) Baku (WW) Bamako (NE) Bangui (NN) Banjul (NE) Beijing (WW) Beirut (NW) Bishkek (WW) Bissau (NE) Brasília (NE) Brussels (SE) Bucharest (SW) Chișinău (SW) Conakry (NE) Dakar (NE) Damascus (NW) Dushanbe (WW) Freetown (NE) Gaborone (NN) Helsinki (SS) Jerusalem (NW) Kiev (SW) Lisbon (EE) Ljubljana (SE) Luxembourg (SE) Madrid (EE) Maseru (NN) Monaco (EE) Moscow (SW) Nicosia (NW) Nouakchott (NE) Ottawa (EE) Pristina (any) Pyongyang (WW) Reykjavík (SE) Riga (SS) Riyadh (NW) Rome (EE) Sana'a (NW) Sarajevo (SE) Seoul (WW) Tallinn (SS) Tashkent (WW) Tbilisi (WW) Tokyo (WW) Tripoli (NE) Valletta (NE) Vatican City (EE) Washington D.C. (EE) Windhoek (NN) Yerevan (WW) Zagreb (SE) Skopje
73%
Abuja (NN) Algiers (NE) Amman (NW) Amsterdam (SE) Astana (WW) Athens (NW) Bangui (NN) Banjul (NE) Beijing (WW) Beirut (NW) Bishkek (WW) Bissau (NE) Brasília (NE) Bratislava (SW) Brazzaville (NN) Brussels (SE) Cairo (NW) Chișinău (WW) Dakar (NE) Damascus (NW) Djibouti (NW) Jerusalem (NW) Kinshasa (NN) Luanda (NN) Malabo (NN) Minsk (SW) N'Djamena (NN) Nicosia (NW) Nouakchott (NE) Ottawa (EE) Podgorica (NW) Praia (NE) Pristina (NW) Pyongyang (WW) Rabat (NE) Reykjavík (SE) Riyadh (NW) Sana'a (NW) Sarajevo (NW) Skopje (NW) Stockholm (SS) Tashkent (WW) Tirana (NW) Tripoli (NN) Ulaanbaatar (WW) Valletta (NN) Vilnius (SW) Windhoek (NN) Yaoundé (NN) Zagreb (any) Ljubljana
72%
Addis Ababa (WW) Amman (SW) Antananarivo (NW) Asmara (WW) Astana (SW) Baghdad (SW) Baku (SW) Bamako (EE) Bangkok (WW) Banjul (EE) Basseterre (EE) Beirut (SW) Belgrade (SS) Bissau (EE) Bogotá (EE) Bratislava (SS) Brazzaville (NN) Bridgetown (EE) Budapest (SS) Bujumbura (NW) Cairo (SW) Caracas (EE) Castries (EE) Colombo (WW) Conakry (EE) Dakar (EE) Damascus (SW) Djibouti (WW) Dodoma (NW) Freetown (EE) Georgetown (EE) Jerusalem (SW) Kigali (NW) Kingston (EE) Kingstown (EE) Kinshasa (NN) Lilongwe (NW) Lisbon (SE) Luanda (NN) Malabo (NE) Moroni (NW) Niamey (EE) Nicosia (SW) Ouagadougou (EE) Phnom Penh (WW) Podgorica (SS) Port-au-Prince (EE) Port-of-Spain (EE) Praia (EE) Pristina (SS) Rabat (SE) Roseau (EE) Saint George's (EE) Saint John's (EE) Sana'a (WW) Santo Domingo (EE) São Tomé (NE) Sarajevo (SS) Stockholm (SS) Tbilisi (SW) Tehran (SW) Tirana (SS) Vienna (SS) Vientiane (WW) Warsaw (SS) Windhoek (NN) Yerevan (SW) Zagreb (SS) N'Djamena
72%
Accra (SE) Ankara (SS) Asunción (EE) Bamako (SE) Banjul (SE) Bissau (SE) Bujumbura (SS) Cairo (SS) Chișinău (SS) Conakry (SE) Dakar (SE) Freetown (SE) Juba (SS) Kampala (SS) Kathmandu (SW) Khartoum (SS) Kiev (SS) Kigali (SS) Lomé (SE) Luanda (SE) Lusaka (SS) Maputo (WW) Maseru (NN) Monrovia (SE) Moroni (SW) New Delhi (SW) Nicosia (SS) Nouakchott (SE) Porto-Novo (SE) São Tomé (SE) Sucre (EE) Thimphu (SW) Victoria (SW) Yamoussoukro (SE) Pretoria
72%
Accra (WW) Asunción (NW) Basseterre (SW) Bogotá (SW) Bridgetown (SW) Caracas (SW) Castries (SW) Dublin (SW) Guatemala City (SE) Kingston (SS) Kingstown (SW) Libreville (WW) Lima (NN) Lomé (WW) Malabo (WW) Mexico City (SE) Nassau (SS) Oslo (SW) Ottawa (SS) Porto-Novo (WW) Roseau (SW) Saint George's (SW) Saint John's (SW) San Salvador (SE) São Tomé (WW) Washington D.C. (SS) Quito
72%
Abu Dhabi (WW) Amman (SE) Amsterdam (SE) Ankara (SE) Antananarivo (NN) Ashgabat (SW) Asmara (NE) Astana (SW) Baku (SS) Bangui (NE) Beirut (SE) Belgrade (SE) Berlin (SE) Bern (SE) Bishkek (SW) Bratislava (SE) Brazzaville (NE) Brussels (SE) Bucharest (SE) Budapest (SE) Copenhagen (SE) Damascus (SE) Dhaka (WW) Doha (WW) Dushanbe (SW) Hanoi (WW) Juba (NE) Kathmandu (WW) Kinshasa (NE) Ljubljana (SE) London (SE) Luanda (NE) Luxembourg (SE) Malé (NW) Mogadishu (NN) Moroni (NN) Muscat (WW) New Delhi (WW) Nicosia (SE) Oslo (SE) Podgorica (SE) Prague (SE) Pristina (SE) Reykjavík (SE) Sarajevo (SE) Skopje (SE) Sofia (SE) Taipei (WW) Tashkent (SW) Thimphu (WW) Tirana (SE) Vaduz (SE) Vienna (SE) Warsaw (SE) Zagreb (SE) Riyadh
72%
Andorra la Vella (NE) Ashgabat (NW) Athens (NN) Baku (NW) Berlin (NE) Bern (NE) Brussels (NE) Bucharest (NN) Bujumbura (NN) Cairo (NN) Dushanbe (NW) Gaborone (NN) Harare (NN) Helsinki (any) Islamabad (NW) Kabul (NW) Khartoum (NN) Kigali (NN) Kuala Lumpur (NW) Lisbon (NE) Lusaka (NN) Luxembourg (NE) Madrid (NE) Maputo (NN) Maseru (NN) Mbabane (NN) New Delhi (NW) Oslo (EE) Paramaribo (NE) Paris (NE) Pretoria (NN) Pristina (NN) Rabat (NE) Riga (NN) Singapore (NW) Skopje (NN) Sofia (NN) Stockholm (EE) Tbilisi (NW) Tehran (NW) Tirana (NN) Vaduz (NE) Vilnius (NN) Windhoek (NN) Tallinn
72%
Addis Ababa (WW) Amman (SW) Ankara (SW) Baghdad (SW) Beirut (SW) Berlin (SS) Bissau (EE) Bogotá (EE) Bridgetown (EE) Cairo (SW) Caracas (EE) Castries (EE) Colombo (WW) Conakry (EE) Copenhagen (SS) Damascus (SW) Djibouti (WW) Freetown (EE) Georgetown (EE) Harare (NW) Jerusalem (SW) Juba (WW) Kingstown (EE) Lilongwe (NW) Ljubljana (SS) Lusaka (NW) Malé (WW) Monrovia (EE) Niamey (SE) Nicosia (SW) Oslo (SS) Panama City (EE) Paramaribo (EE) Port-of-Spain (EE) Prague (SS) Rome (SS) Saint George's (EE) San Marino (SS) Sana'a (WW) São Tomé (NN) Tbilisi (SW) Tunis (SS) Vaduz (SS) Vatican City (SS) Yaoundé (NW) Yerevan (SW) Abuja
71%
Abu Dhabi (NW) Astana (WW) Baghdad (NW) Bamako (NE) Banjul (NE) Bern (EE) Bishkek (WW) Bissau (NE) Bratislava (EE) Bucharest (NE) Budapest (EE) Bujumbura (NN) Cairo (NN) Colombo (NW) Conakry (NE) Copenhagen (SE) Doha (NW) Freetown (NE) Gaborone (NN) Harare (NN) Juba (NN) Kampala (NN) Khartoum (NN) Kigali (NN) Kuwait City (NW) Lilongwe (NN) Ljubljana (EE) Lusaka (NN) Luxembourg (EE) Malé (NW) Manama (NW) Maputo (NN) Maseru (NN) Mbabane (NN) Monrovia (NE) Muscat (NW) Oslo (SE) Ottawa (EE) Ouagadougou (NE) Paris (EE) Pretoria (NN) Pristina (NE) Skopje (NE) Sofia (NE) Tirana (NE) Tripoli (NE) Tunis (NE) Ulaanbaatar (WW) Vaduz (EE) Valletta (NE) Vienna (EE) Warsaw (SE) Zagreb (EE) Chișinău
71%
Amsterdam (NE) Andorra la Vella (NE) Ashgabat (NW) Athens (NN) Baku (NW) Belgrade (NN) Berlin (NE) Bern (NE) Brussels (NE) Bucharest (NN) Bujumbura (NN) Cairo (NN) Chișinău (NN) Dushanbe (NW) Gaborone (NN) Harare (NN) Islamabad (NW) Kabul (NW) Khartoum (NN) Kigali (NN) Kuala Lumpur (NW) Lisbon (NE) Lusaka (NN) Luxembourg (NE) Madrid (NE) Maputo (NN) Maseru (NN) Mbabane (NN) New Delhi (NW) Oslo (EE) Paramaribo (NE) Paris (NE) Pretoria (NN) Pristina (NN) Rabat (NE) Riga (NN) Singapore (NW) Skopje (NN) Sofia (NN) Tallinn (any) Tehran (NW) Tirana (NN) Vilnius (NN) Windhoek (NN) Helsinki
71%
Abuja (NW) Addis Ababa (WW) Algiers (SS) Amsterdam (SS) Ankara (SW) Asmara (WW) Athens (SW) Bamako (EE) Banjul (EE) Basseterre (EE) Belmopan (EE) Bern (SS) Bissau (EE) Brazzaville (NW) Bridgetown (EE) Brussels (SS) Caracas (EE) Castries (EE) Colombo (WW) Dakar (EE) Djibouti (WW) Guatemala City (EE) Harare (NW) Khartoum (WW) Kingston (EE) Kingstown (EE) Kinshasa (NW) Lilongwe (NW) Lomé (NN) Lusaka (NW) Luxembourg (SS) Managua (EE) Monaco (SS) Montevideo (NE) Naypyidaw (WW) N'Djamena (WW) Nicosia (SW) Panama City (EE) Paris (SS) Port-au-Prince (EE) Port-of-Spain (EE) Porto-Novo (NN) Praia (EE) Roseau (EE) Saint George's (EE) Saint John's (EE) San José (EE) San Salvador (EE) Sana'a (WW) Santo Domingo (EE) Tegucigalpa (EE) Yamoussoukro (NE) Yaoundé (NW) Niamey
71%
Abuja (WW) Accra (WW) Basseterre (SW) Belmopan (SE) Brasília (NW) Caracas (SW) Castries (SW) Conakry (WW) Dublin (SW) Freetown (WW) Georgetown (WW) Libreville (WW) Lima (NN) Lomé (WW) Malabo (WW) Monrovia (WW) N'Djamena (WW) Panama City (SE) Paramaribo (WW) Port-au-Prince (SS) Porto-Novo (WW) Quito (NE) Roseau (SW) Saint John's (SW) Santiago (NN) São Tomé (WW) Tegucigalpa (SE) Yamoussoukro (WW) Yaoundé (WW) Bogotá
70%
Asunción (NW) Bamako (WW) Banjul (WW) Basseterre (WW) Bridgetown (WW) Castries (WW) Dakar (WW) Kingston (WW) Kingstown (WW) Nouakchott (WW) Ottawa (SW) Port-au-Prince (WW) Praia (WW) Quito (NW) Roseau (WW) Saint John's (WW) Santo Domingo (WW) Sucre (NW) Washington D.C. (SW) Mexico City
70%
Abuja (WW) Accra (WW) Bamako (WW) Banjul (WW) Belmopan (SE) Bissau (WW) Bogotá (NW) Brasília (NW) Caracas (WW) Conakry (WW) Freetown (WW) Georgetown (WW) Lima (NN) Lomé (WW) Malabo (WW) Monrovia (WW) Nassau (SS) Niamey (WW) Ottawa (SS) Ouagadougou (WW) Paramaribo (WW) Port-au-Prince (SW) Port-of-Spain (WW) Porto-Novo (WW) Quito (NN) Saint George's (WW) Santo Domingo (SW) Washington D.C. (SS) Yamoussoukro (WW) Panama City
70%
Abu Dhabi (NW) Andorra la Vella (EE) Ankara (NW) Baghdad (NW) Bamako (NE) Bangui (NN) Banjul (NE) Beijing (WW) Belgrade (EE) Berlin (SE) Bishkek (WW) Bissau (NE) Bujumbura (NN) Chișinău (SW) Conakry (NE) Copenhagen (SE) Damascus (NW) Doha (NW) Freetown (NE) Gaborone (NN) Harare (NN) Juba (NN) Kampala (NN) Kigali (NN) Kuwait City (NW) Lusaka (NN) Malé (NW) Manama (NW) Maputo (NN) Maseru (NN) Mbabane (NN) Minsk (SS) Monaco (EE) Monrovia (NE) Muscat (NW) Nouakchott (NE) Ottawa (EE) Ouagadougou (NE) Prague (SE) Pretoria (NN) Pyongyang (WW) Reykjavík (SE) Riyadh (NW) San Marino (EE) Sarajevo (EE) Skopje (NE) Sofia (NE) Tashkent (WW) Tripoli (NE) Ulaanbaatar (WW) Valletta (NE) Washington D.C. (EE) Bucharest
69%
Andorra la Vella (WW) Ankara (WW) Ashgabat (WW) Astana (WW) Baku (WW) Belgrade (WW) Bern (WW) Bishkek (WW) Bogotá (NN) Bratislava (WW) Bucharest (WW) Budapest (WW) Chișinău (WW) Dublin (WW) Kiev (WW) Kingston (NN) Lima (NN) Ljubljana (WW) Luxembourg (WW) Mexico City (NE) Monaco (WW) Nassau (NN) Panama City (NN) Paris (WW) Podgorica (WW) Port-au-Prince (NN) Prague (WW) Pristina (WW) Quito (NN) Rome (WW) San Marino (WW) Santiago (NN) Sarajevo (WW) Skopje (WW) Sofia (WW) Tashkent (WW) Tbilisi (WW) Tirana (WW) Ulaanbaatar (EE) Vaduz (WW) Vatican City (WW) Vienna (WW) Washington D.C. (NN) Yerevan (WW) Zagreb (WW) Ottawa
69%
Abu Dhabi (NW) Algiers (NE) Amman (NW) Ankara (NW) Astana (WW) Baghdad (NW) Bangui (NN) Banjul (NE) Beirut (NW) Belgrade (NW) Bishkek (WW) Brasília (NE) Bratislava (any) Brazzaville (NN) Chișinău (WW) Dakar (NE) Damascus (NW) Doha (NW) Jerusalem (NW) Kinshasa (NN) Kuwait City (NW) Luanda (NN) Malabo (NN) Malé (NW) Manama (NW) Minsk (SW) Monaco (NE) Muscat (NW) N'Djamena (NN) Nicosia (NW) Nouakchott (NE) Ottawa (EE) Paris (EE) Praia (NE) Rabat (NE) Reykjavík (SE) Riyadh (NW) Sana'a (NW) Sofia (NW) Stockholm (SS) Tripoli (NN) Ulaanbaatar (WW) Valletta (NN) Vilnius (SW) Warsaw (SW) Windhoek (NN) Yaoundé (NN) Zagreb (NN) Vienna
69%
Abu Dhabi (NW) Algiers (NE) Amsterdam (EE) Andorra la Vella (NE) Astana (WW) Athens (NN) Baghdad (NW) Bangui (NN) Belgrade (NN) Berlin (EE) Brazzaville (NN) Brussels (EE) Chișinău (NW) Colombo (NW) Doha (NW) Dublin (EE) Gaborone (NN) Kinshasa (NN) Kuwait City (NW) London (EE) Malé (NW) Manama (NW) Maseru (NN) Monaco (NE) Muscat (NW) N'Djamena (NN) Nouakchott (NE) Oslo (SE) Podgorica (NN) Praia (NE) Pretoria (NN) Pristina (NN) Rabat (NE) Riyadh (NW) Skopje (NN) Sofia (NN) Tehran (NW) Tirana (NN) Ulaanbaatar (WW) Vienna (NE) Vilnius (SW) Windhoek (NN) Yerevan (NW) Warsaw
69%
Addis Ababa (WW) Algiers (SS) Amman (SW) Andorra la Vella (SS) Ankara (SW) Bamako (SE) Bangui (WW) Beirut (SW) Bern (SS) Bogotá (EE) Brussels (SS) Cairo (SW) Caracas (EE) Colombo (WW) Damascus (SW) Djibouti (WW) Gaborone (NW) Georgetown (EE) Harare (NW) Jerusalem (SW) Juba (WW) Kampala (WW) London (SS) Luanda (NW) Lusaka (NW) Luxembourg (SS) Malé (WW) Managua (EE) Maputo (NW) Maseru (NW) Mbabane (NW) Mogadishu (WW) Monrovia (EE) Nicosia (SW) Nouakchott (SE) Panama City (EE) Paramaribo (EE) Paris (SS) Port-of-Spain (EE) Pretoria (NW) Quito (EE) San José (EE) São Tomé (NW) Tbilisi (SW) Yaoundé (WW) Yerevan (SW) Accra
68%
Abu Dhabi (NW) Amman (NW) Amsterdam (SE) Andorra la Vella (EE) Bamako (NE) Bangui (NN) Banjul (NE) Beijing (WW) Beirut (NW) Bishkek (WW) Bissau (NE) Brasília (NE) Bucharest (WW) Conakry (NE) Dakar (NE) Damascus (NW) Doha (NW) Dushanbe (WW) Gaborone (NN) Helsinki (SS) Jerusalem (NW) Kiev (SW) Kuwait City (NW) Malé (NW) Manama (NW) Maseru (NN) Monaco (EE) Moscow (SW) N'Djamena (NN) Nicosia (NW) Nouakchott (NE) Ottawa (EE) Prague (SE) Pyongyang (WW) Reykjavík (SE) Riyadh (NW) San Marino (EE) Sofia (NW) Tashkent (WW) Tbilisi (WW) Tirana (NN) Tunis (NE) Ulaanbaatar (WW) Vienna (SE) Warsaw (SS) Washington D.C. (EE) Windhoek (NN) Belgrade
68%
Abuja (WW) Addis Ababa (WW) Athens (SW) Bangui (WW) Banjul (SE) Belgrade (SW) Bissau (SE) Bogotá (EE) Brasília (NE) Bridgetown (EE) Bucharest (SW) Buenos Aires (NE) Caracas (EE) Chișinău (SW) Dakar (SE) Djibouti (WW) Dublin (SS) Freetown (any) Gaborone (NW) Georgetown (EE) Guatemala City (EE) Kiev (SW) Kingstown (EE) Lisbon (SS) Malé (WW) Managua (EE) Maseru (NW) Monrovia (NW) Montevideo (NE) Moscow (SW) N'Djamena (WW) Panama City (EE) Paramaribo (EE) Podgorica (SW) Port-of-Spain (EE) Pretoria (NW) Pristina (SW) Rome (SW) Saint George's (EE) San José (EE) San Salvador (EE) Sarajevo (SW) Skopje (SW) Sofia (SW) Tegucigalpa (EE) Tirana (SW) Tripoli (SW) Tunis (SW) Valletta (SW) Vatican City (SW) Windhoek (NW) Zagreb (SW) Conakry
68%
Abuja (NN) Accra (NN) Addis Ababa (NW) Amsterdam (SS) Ankara (WW) Ashgabat (WW) Asunción (NE) Athens (WW) Baghdad (WW) Baku (WW) Banjul (NE) Beijing (WW) Beirut (WW) Brasília (NE) Bratislava (SW) Brussels (SS) Budapest (SW) Dakar (NE) Damascus (WW) Dushanbe (WW) Islamabad (WW) Juba (NW) Kabul (WW) Khartoum (NW) Libreville (NN) Ljubljana (SW) Lomé (NN) Luxembourg (SS) Malabo (NN) Minsk (SW) Mogadishu (NW) Moscow (SW) Niamey (NN) Nicosia (WW) Nouakchott (NE) Ouagadougou (NN) Port Louis (NW) Porto-Novo (NN) Praia (NE) Pyongyang (WW) Riga (SW) Rome (SW) San Marino (SW) São Tomé (NN) Seoul (WW) Sucre (NE) Tbilisi (WW) Tehran (WW) Tunis (WW) Valletta (WW) Vatican City (SW) Victoria (NW) Vienna (SW) Vilnius (SW) Warsaw (SW) Washington D.C. (EE) Yerevan (WW) Zagreb (SW) Algiers
67%
Abu Dhabi (NW) Algiers (NE) Amman (NW) Ankara (NW) Astana (WW) Baghdad (NW) Bangui (NN) Banjul (NE) Beirut (NW) Bishkek (WW) Brasília (NE) Brazzaville (NN) Chișinău (WW) Dakar (NE) Damascus (NW) Doha (NW) Jerusalem (NW) Kinshasa (NN) Kuwait City (NW) Ljubljana (NE) Luanda (NN) Malabo (NN) Malé (NW) Manama (NW) Minsk (SW) Muscat (NW) N'Djamena (NN) Nicosia (NW) Nouakchott (NE) Ottawa (EE) Paris (EE) Prague (SE) Praia (NE) Rabat (NE) Reykjavík (SE) Riyadh (NW) San Marino (NE) Sofia (NW) Stockholm (SS) Ulaanbaatar (WW) Valletta (NN) Vienna (any) Vilnius (SW) Windhoek (NN) Yaoundé (NN) Bratislava
67%
Abu Dhabi (NE) Addis Ababa (NE) Algiers (EE) Amman (EE) Asmara (NE) Astana (SS) Athens (EE) Baghdad (EE) Bangkok (NW) Beijing (WW) Beirut (EE) Bujumbura (NE) Cairo (EE) Damascus (EE) Djibouti (NE) Helsinki (SE) Jakarta (NW) Jerusalem (EE) Juba (NE) Kampala (NE) Kigali (NE) Kuala Lumpur (NW) Lisbon (EE) Malé (NN) Moscow (SE) Muscat (NE) Nairobi (NE) New Delhi (NW) Nicosia (EE) Phnom Penh (NW) Pyongyang (WW) Rabat (EE) Riga (SE) Rome (EE) Sana'a (NE) Seoul (WW) Singapore (NW) Stockholm (SE) Tallinn (SE) Tashkent (SS) Tehran (EE) Tirana (EE) Tokyo (WW) Tripoli (EE) Tunis (EE) Valletta (EE) Vatican City (EE) Windhoek (NE) Kabul
67%
Asunción (NW) Bogotá (SS) Brasília (WW) Buenos Aires (NW) Dublin (SW) Georgetown (SW) Kingston (SS) Luanda (WW) Montevideo (NW) Ottawa (SS) Paramaribo (SW) Port-au-Prince (SS) Lima
67%
Accra (SE) Addis Ababa (SW) Ashgabat (SW) Asmara (SW) Astana (SW) Bamako (SE) Banjul (SE) Berlin (SS) Bishkek (SW) Bissau (SE) Bratislava (SS) Dakar (SE) Dodoma (WW) Doha (SW) Dushanbe (SW) Gaborone (NW) Juba (SW) Khartoum (SW) Kuwait City (SW) Lima (EE) Ljubljana (SS) Lomé (SE) Manama (SW) Maputo (NW) Mbabane (NW) Moroni (WW) N'Djamena (SS) Nouakchott (SE) Prague (SS) Pretoria (NW) Riyadh (SW) Sana'a (SW) São Tomé (SE) Stockholm (SS) Tashkent (SW) Valletta (SS) Victoria (WW) Vienna (SS) Yamoussoukro (SE) Zagreb (SS) Luanda
67%
Addis Ababa (NN) Algiers (NE) Amman (NN) Amsterdam (EE) Ashgabat (NW) Asmara (NN) Bangkok (NW) Banjul (NE) Beirut (NN) Belgrade (NE) Bissau (NE) Budapest (NE) Conakry (NE) Copenhagen (EE) Dakar (NE) Damascus (NN) Djibouti (NN) Dodoma (NN) Dublin (EE) Dushanbe (NW) Freetown (NE) Harare (NN) Islamabad (NW) Jakarta (NW) Jerusalem (NN) Kabul (NW) Kampala (NN) Kathmandu (NW) Khartoum (NN) Kiev (NE) Kuala Lumpur (NW) Lilongwe (NN) Maputo (NN) Mbabane (NN) Moroni (NN) Nairobi (NN) New Delhi (NW) Nicosia (NN) Nouakchott (NE) Podgorica (NE) Praia (NE) Pristina (NE) Rabat (NE) Riga (EE) Rome (NE) San Marino (NE) Sana'a (NN) Sarajevo (NE) Singapore (NW) Skopje (NE) Sofia (NE) Tirana (NE) Tripoli (NE) Tunis (NE) Valletta (NE) Vatican City (NE) Vilnius (EE) Zagreb (NE) Moscow
67%
Belmopan (NE) Bogotá (NN) Bridgetown (NW) Castries (NW) Georgetown (NW) Guatemala City (NE) Kingston (NN) Kingstown (NW) Lima (NN) Ottawa (SS) Panama City (NN) Paramaribo (NW) Port-au-Prince (NW) Port-of-Spain (NW) Quito (NN) Reykjavík (SW) Saint George's (NW) San Salvador (NE) Santo Domingo (NW) Tegucigalpa (NE) Washington D.C. (SS) Nassau
67%
Addis Ababa (SE) Algiers (SE) Andorra la Vella (SE) Ashgabat (SS) Asmara (SE) Brazzaville (EE) Bujumbura (EE) Dhaka (SW) Dili (WW) Djibouti (SE) Dodoma (EE) Dublin (SE) Gaborone (NE) Jakarta (WW) Kathmandu (SW) Khartoum (SE) Kigali (EE) Kinshasa (EE) London (SE) Luanda (EE) Maputo (NE) Maseru (NE) Mbabane (NE) Monaco (SE) Muscat (SS) Paris (SE) Port Louis (NN) Pretoria (NE) Reykjavík (SE) Rome (SE) Thimphu (SW) Tripoli (SE) Tunis (SE) Ulaanbaatar (SW) Valletta (SE) Vatican City (SE) Victoria
67%
Addis Ababa (WW) Algiers (SS) Amman (SW) Amsterdam (SS) Andorra la Vella (SS) Ankara (SW) Bamako (SE) Bangui (WW) Beirut (SW) Bern (SS) Bogotá (EE) Brazzaville (NW) Brussels (SS) Cairo (SW) Caracas (EE) Colombo (WW) Damascus (SW) Djibouti (WW) Freetown (EE) Gaborone (NW) Georgetown (EE) Harare (NW) Jerusalem (SW) Juba (WW) Kinshasa (NW) Luanda (NW) Lusaka (NW) Luxembourg (SS) Malé (WW) Managua (EE) Maputo (NW) Maseru (NW) Mbabane (NW) Mogadishu (WW) Monaco (SS) Monrovia (EE) Niamey (SS) Nicosia (SW) Nouakchott (SE) Panama City (EE) Paramaribo (EE) Paris (SS) Port-of-Spain (EE) Pretoria (NW) Quito (EE) San José (EE) San Salvador (EE) São Tomé (NW) Tbilisi (SW) Vaduz (SS) Yamoussoukro (EE) Yerevan (SW) Lomé
66%
Abu Dhabi (SE) Abuja (EE) Accra (EE) Addis Ababa (EE) Amman (SE) Ankara (SE) Antananarivo (NE) Baghdad (SE) Bandar Seri Begawan (WW) Bangui (EE) Beijing (SW) Belgrade (SE) Berlin (SE) Bishkek (SS) Bissau (EE) Bratislava (SE) Bucharest (SE) Budapest (SE) Bujumbura (EE) Chișinău (SE) Conakry (EE) Copenhagen (SE) Damascus (SE) Dhaka (SW) Doha (SE) Freetown (EE) Juba (EE) Kampala (EE) Kigali (EE) Kuala Lumpur (WW) Kuwait City (SE) Libreville (EE) Lomé (EE) Malabo (EE) Manama (SE) Mogadishu (EE) Monrovia (EE) Muscat (SE) Nairobi (EE) Naypyidaw (SW) New Delhi (SS) Ngerulmud (WW) Oslo (SE) Palikir (WW) Porto-Novo (EE) Prague (SE) Reykjavík (SE) Riyadh (SE) São Tomé (EE) Singapore (WW) Sofia (SE) Vienna (SE) Warsaw (SE) Yamoussoukro (EE) Yaoundé (EE) Yerevan (SE) Malé
66%
Algiers (NE) Amsterdam (EE) Ashgabat (NW) Astana (WW) Athens (NN) Baku (NW) Banjul (NE) Berlin (EE) Bratislava (NE) Bucharest (NN) Budapest (NE) Bujumbura (NN) Cairo (NN) Chișinău (NN) Colombo (NW) Dakar (NE) Dublin (EE) Gaborone (NN) Harare (NN) Jakarta (NW) Juba (NN) Kampala (NN) Khartoum (NN) Kigali (NN) Lilongwe (NN) Ljubljana (NE) London (EE) Lusaka (NN) Maputo (NN) Maseru (NN) Mbabane (NN) Monaco (NE) Muscat (NW) Nouakchott (NE) Praia (NE) Pretoria (NN) Rabat (NE) Rome (NE) San Marino (NE) Stockholm (SE) Tbilisi (NW) Tehran (NW) Tunis (NE) Vatican City (NE) Vienna (NE) Yerevan (NW) Zagreb (NE) Minsk
66%
Abu Dhabi (NW) Abuja (NN) Ashgabat (NW) Baghdad (NW) Baku (NW) Bern (NN) Brazzaville (NN) Bridgetown (NE) Castries (NE) Chișinău (NW) Colombo (NW) Doha (NW) Dublin (NE) Georgetown (NE) Helsinki (WW) Kiev (NW) Kingstown (NE) Kinshasa (NN) Kuwait City (NW) Libreville (NN) Ljubljana (NN) London (NE) Luanda (NN) Malabo (NN) Malé (NW) Manama (NW) Monaco (NN) Muscat (NW) N'Djamena (NN) Paramaribo (NE) Port-of-Spain (NE) Quito (NE) Riyadh (NW) Rome (NN) Saint George's (NE) San Marino (NN) São Tomé (NN) Stockholm (WW) Tallinn (WW) Tbilisi (NW) Tehran (NW) Tripoli (NN) Tunis (NN) Vaduz (NN) Valletta (NN) Vatican City (NN) Warsaw (NW) Windhoek (NN) Yaoundé (NN) Yerevan (NW) Oslo
66%
Abuja (WW) Accra (WW) Amsterdam (SW) Asunción (NN) Bangui (WW) Bissau (WW) Bogotá (EE) Brussels (SW) Buenos Aires (NN) Castries (SE) Conakry (WW) Copenhagen (SW) Dublin (SW) Freetown (WW) Helsinki (SW) Juba (WW) Kampala (WW) Kingstown (SE) Libreville (WW) Lima (NE) Lomé (WW) London (SW) Malabo (WW) Monrovia (WW) Montevideo (NN) Nassau (SE) Oslo (SW) Panama City (EE) Paris (SW) Port-au-Prince (SE) Port-of-Spain (SE) Porto-Novo (WW) Saint George's (SE) San José (EE) Santo Domingo (SE) Stockholm (SW) Tallinn (SW) Yamoussoukro (WW) Yaoundé (WW) Paramaribo
66%
Amsterdam (WW) Asmara (NW) Astana (WW) Athens (NW) Bamako (NN) Berlin (WW) Bern (NW) Bogotá (NE) Bridgetown (NE) Cairo (NW) Caracas (NE) Castries (NE) Conakry (NN) Djibouti (NW) Georgetown (NE) Jerusalem (NW) Kiev (WW) Kingstown (NE) Lima (NE) Lisbon (NN) Madrid (NN) Minsk (WW) Mogadishu (NW) Monaco (NW) Monrovia (NN) Moscow (WW) Niamey (NN) Oslo (SW) Ottawa (EE) Ouagadougou (NN) Paramaribo (NE) Paris (NW) Port-of-Spain (NE) Quito (NE) Rabat (NN) Reykjavík (SE) Rome (NW) Roseau (NE) Saint George's (NE) San Marino (NW) Sana'a (NW) Ulaanbaatar (WW) Valletta (NW) Vatican City (NW) Victoria (NW) Vilnius (WW) Warsaw (WW) Yamoussoukro (NN) Dublin
65%
Abuja (NN) Addis Ababa (NW) Ashgabat (WW) Asmara (NW) Astana (WW) Baku (WW) Beijing (WW) Belgrade (WW) Bern (SS) Bishkek (WW) Brasília (NE) Bucharest (WW) Cairo (NW) Dakar (NE) Djibouti (NW) Dublin (SE) Khartoum (NW) Libreville (NN) Lomé (NN) Malabo (NN) Minsk (SW) Niamey (NN) Nouakchott (NE) Oslo (SS) Ottawa (EE) Podgorica (WW) Porto-Novo (NN) Prague (SW) Praia (NE) Pristina (WW) Pyongyang (WW) Rabat (NE) Reykjavík (SE) Riga (SW) San Marino (WW) Sana'a (NW) São Tomé (NN) Sarajevo (WW) Seoul (WW) Skopje (WW) Sofia (WW) Tashkent (WW) Tbilisi (WW) Tokyo (WW) Ulaanbaatar (WW) Victoria (NW) Vienna (SW) Vilnius (SW) Warsaw (SW) Washington D.C. (EE) Yaoundé (NN) Yerevan (WW) Monaco
65%
Amman (NW) Amsterdam (NW) Ankara (NW) Asmara (NW) Athens (NW) Banjul (NN) Beirut (NW) Belgrade (NW) Belmopan (NE) Bern (NW) Bissau (NN) Bratislava (NW) Brussels (NW) Bucharest (NW) Budapest (NW) Cairo (NW) Dakar (NN) Djibouti (NW) Dublin (NW) Guatemala City (NE) Havana (NE) Jerusalem (NW) Ljubljana (NW) London (NW) Luxembourg (NW) Malé (NW) Managua (NE) Monaco (NW) Nassau (NE) Nicosia (NW) Paris (NW) Podgorica (NW) Prague (NW) Praia (NN) Pristina (NW) Riyadh (NW) Rome (NW) San Marino (NW) San Salvador (NE) Sana'a (NW) Sarajevo (NW) Skopje (NW) Sofia (NW) Tegucigalpa (NE) Tirana (NW) Tripoli (NW) Tunis (NW) Vaduz (NW) Valletta (NW) Vatican City (NW) Victoria (NW) Vienna (NW) Washington D.C. (NE) Zagreb (NW) Reykjavík
65%
Abuja (NE) Accra (NE) Addis Ababa (NN) Algiers (EE) Amman (NE) Andorra la Vella (EE) Antananarivo (NN) Baghdad (NN) Beijing (WW) Beirut (NE) Belgrade (EE) Bishkek (WW) Cairo (NE) Colombo (NW) Damascus (NE) Djibouti (NN) Dushanbe (WW) Jakarta (NW) Jerusalem (NE) Kiev (SE) Lisbon (EE) Lomé (NE) Madrid (EE) Malabo (NE) Minsk (SE) Mogadishu (NN) Monaco (EE) Moroni (NN) Nairobi (NN) N'Djamena (NE) Nicosia (NE) Oslo (SE) Ottawa (EE) Podgorica (EE) Porto-Novo (NE) Pristina (EE) Pyongyang (WW) Riga (SE) Riyadh (NN) Rome (EE) San Marino (EE) Sana'a (NN) Sarajevo (EE) Seoul (WW) Skopje (EE) Sofia (EE) Stockholm (SE) Tallinn (SE) Tashkent (WW) Tehran (NW) Tirana (EE) Tokyo (WW) Ulaanbaatar (WW) Vatican City (EE) Vilnius (SE) Washington D.C. (EE) Yerevan (NN) Tbilisi
65%
Addis Ababa (WW) Andorra la Vella (SS) Ankara (SW) Athens (SW) Bangui (WW) Bogotá (EE) Caracas (EE) Colombo (WW) Gaborone (NW) Georgetown (EE) Juba (WW) Kampala (WW) Lomé (WW) London (SS) Luanda (NW) Madrid (SS) Malé (WW) Managua (EE) Maputo (NW) Maseru (NW) Mbabane (NW) Monrovia (EE) Montevideo (NE) Niamey (SW) Nouakchott (SE) Panama City (EE) Paramaribo (EE) Paris (SS) Port-of-Spain (EE) Porto-Novo (WW) Pretoria (NW) San José (EE) San Salvador (EE) Sofia (SW) Windhoek (NW) Yamoussoukro
65%
Abuja (NE) Accra (NE) Addis Ababa (NN) Algiers (EE) Amman (NE) Andorra la Vella (EE) Ankara (EE) Antananarivo (NN) Athens (EE) Baghdad (NN) Baku (WW) Beijing (WW) Beirut (NE) Bishkek (WW) Cairo (NE) Colombo (NW) Copenhagen (SE) Damascus (NE) Djibouti (NN) Dushanbe (WW) Jerusalem (NE) Kiev (SE) Lisbon (EE) Lomé (NE) Madrid (EE) Malabo (NE) Malé (NW) Minsk (SE) Mogadishu (NN) Monaco (EE) Moroni (NN) Muscat (NW) Nairobi (NN) N'Djamena (NE) Oslo (SE) Ottawa (EE) Podgorica (EE) Porto-Novo (NE) Pristina (EE) Pyongyang (WW) Rabat (EE) Riga (SE) Riyadh (NN) Rome (EE) San Marino (EE) Sana'a (NN) São Tomé (NE) Seoul (WW) Skopje (EE) Sofia (EE) Stockholm (SE) Tashkent (WW) Tbilisi (SS) Tehran (NW) Tirana (EE) Tokyo (WW) Tunis (EE) Ulaanbaatar (WW) Vatican City (EE) Vilnius (SE) Warsaw (SE) Washington D.C. (EE) Yerevan
65%
Abuja (NN) Accra (NN) Addis Ababa (NW) Ankara (WW) Ashgabat (WW) Asmara (NW) Baku (WW) Beijing (WW) Belgrade (WW) Berlin (SW) Bern (SW) Bishkek (WW) Bucharest (WW) Djibouti (NW) Dushanbe (WW) Helsinki (SW) Khartoum (NW) Libreville (NN) Lomé (NN) Malabo (NN) Mogadishu (NW) Niamey (NN) Ottawa (EE) Ouagadougou (NN) Paris (SS) Podgorica (WW) Porto-Novo (NN) Prague (SW) Praia (NE) Pristina (WW) Pyongyang (WW) Rabat (NE) Riga (SW) Rome (WW) São Tomé (NN) Sarajevo (WW) Seoul (WW) Skopje (WW) Sofia (WW) Sucre (NE) Tallinn (SW) Tashkent (WW) Tbilisi (WW) Tehran (WW) Tirana (WW) Tripoli (NW) Tunis (NW) Ulaanbaatar (WW) Vaduz (SW) Vatican City (WW) Victoria (NW) Vilnius (SW) Warsaw (SW) Washington D.C. (EE) Yamoussoukro (NN) Yerevan (WW) Andorra la Vella
64%
Abu Dhabi (NE) Addis Ababa (NE) Algiers (EE) Andorra la Vella (EE) Ankara (EE) Ashgabat (EE) Asmara (NE) Astana (SS) Athens (EE) Baku (EE) Bangkok (NW) Beijing (WW) Beirut (EE) Belgrade (EE) Bishkek (SW) Brazzaville (NE) Bujumbura (NE) Dhaka (NW) Dili (NW) Djibouti (NE) Doha (NE) Helsinki (SE) Islamabad (NW) Juba (NE) Kabul (NN) Kampala (NE) Kathmandu (NW) Khartoum (NE) Kigali (NE) Kinshasa (NE) Kuala Lumpur (NW) Lisbon (EE) Luanda (NE) Madrid (EE) Malé (NN) Manama (NE) Moscow (SE) Naypyidaw (NW) New Delhi (NW) Nicosia (EE) Phnom Penh (NW) Podgorica (EE) Pristina (EE) Pyongyang (WW) Rabat (EE) Riyadh (NE) Rome (EE) San Marino (EE) Sana'a (NE) Sarajevo (EE) Seoul (WW) Singapore (NW) Skopje (EE) Sofia (EE) Tallinn (SE) Tashkent (SS) Tbilisi (EE) Tirana (EE) Tokyo (WW) Tripoli (EE) Tunis (EE) Valletta (EE) Vatican City (EE) Yerevan (EE) Dushanbe
64%
Abu Dhabi (SW) Addis Ababa (SW) Amman (SS) Ankara (SS) Antananarivo (NW) Bandar Seri Begawan (WW) Beirut (SS) Bishkek (SW) Brazzaville (EE) Cairo (SS) Damascus (SS) Djibouti (SW) Dodoma (NW) Doha (SW) Dushanbe (SW) Harare (NN) Islamabad (SW) Jakarta (WW) Jerusalem (SS) Kabul (SW) Kampala (SW) Khartoum (SS) Kiev (SS) Kinshasa (EE) Kuala Lumpur (WW) Libreville (EE) Lisbon (SE) Lusaka (NN) Malé (WW) Manama (SW) Maputo (NN) Maseru (NN) Mbabane (NN) Moroni (NW) Muscat (SW) Nairobi (WW) N'Djamena (SE) Nicosia (SS) Pretoria (NN) Rabat (SE) Sana'a (SW) São Tomé (EE) Singapore (WW) Victoria (WW) Kigali
64%
Abuja (SE) Accra (SE) Ankara (SS) Brasília (EE) Brazzaville (SE) Bujumbura (SS) Cairo (SS) Chișinău (SS) Dodoma (SW) Harare (NW) Islamabad (SW) Juba (SS) Khartoum (SS) Kiev (SS) Kigali (SS) Kinshasa (SE) Libreville (SE) Lomé (SE) Malabo (SE) Maseru (NN) Mogadishu (SW) New Delhi (SW) Niamey (SE) Ouagadougou (SE) Port Louis (WW) Porto-Novo (SE) Pretoria (NN) São Tomé (SE) Sucre (EE) Yaoundé (SE) Lusaka
64%
Algiers (NE) Andorra la Vella (NE) Ashgabat (NW) Athens (NN) Baku (NW) Bangui (NN) Berlin (NE) Bern (NE) Bucharest (NN) Bujumbura (NN) Colombo (NW) Gaborone (NN) Harare (NN) Helsinki (SS) Kabul (NW) Khartoum (NN) Kigali (NN) Kuala Lumpur (NW) Lisbon (NE) Lusaka (NN) Madrid (NE) Maseru (NN) Mbabane (NN) Monaco (NE) Moscow (WW) Muscat (NW) Prague (NE) Praia (NE) Pretoria (NN) Pristina (NN) Rabat (NE) Singapore (NW) Skopje (NN) Sofia (NN) Stockholm (SE) Tallinn (SS) Tbilisi (NW) Tehran (NW) Vaduz (NE) Windhoek (NN) Yerevan (NW) Riga
64%
Abu Dhabi (NW) Algiers (NE) Andorra la Vella (NE) Ashgabat (NW) Astana (WW) Athens (NN) Baku (NW) Bratislava (NE) Bucharest (NN) Bujumbura (NN) Cairo (NN) Colombo (NW) Copenhagen (EE) Dakar (NE) Dublin (EE) Gaborone (NN) Harare (NN) Khartoum (NN) Kiev (NW) Kigali (NN) Ljubljana (NE) Lusaka (NN) Madrid (NE) Maputo (NN) Maseru (NN) Mbabane (NN) Monaco (NE) Moscow (WW) Muscat (NW) Nouakchott (NE) Praia (NE) Pretoria (NN) Rabat (NE) San Marino (NE) Sofia (NN) Stockholm (SE) Tbilisi (NW) Tehran (NW) Vaduz (NE) Vienna (NE) Warsaw (NE) Yerevan (NW) Vilnius
64%
Antananarivo (WW) Asunción (EE) Bangui (SS) Banjul (SE) Belgrade (SS) Bissau (SE) Bratislava (SS) Budapest (SS) Conakry (SE) Dakar (SE) Djibouti (SW) Dodoma (SW) Freetown (SE) Helsinki (SS) Islamabad (SW) Kabul (SW) Maseru (NW) Mogadishu (SW) Monrovia (SE) Muscat (SW) Nairobi (SW) New Delhi (SW) Podgorica (SS) Port Louis (WW) Praia (SE) Pristina (SS) Riga (SS) Sarajevo (SS) Skopje (SS) Stockholm (SS) Sucre (EE) Tallinn (SS) Tirana (SS) Warsaw (SS) Yamoussoukro (SE) Windhoek
64%
Algiers (NE) Amman (NW) Amsterdam (SE) Astana (WW) Athens (NW) Bangui (NN) Banjul (NE) Beijing (WW) Beirut (NW) Bishkek (WW) Bissau (NE) Brasília (NE) Brazzaville (NN) Budapest (SW) Cairo (NW) Chișinău (WW) Conakry (NE) Dakar (NE) Damascus (NW) Doha (NW) Jerusalem (NW) Kinshasa (NN) Ljubljana (any) Luanda (NN) Malabo (NN) Manama (NW) Minsk (SW) Moscow (SW) N'Djamena (NN) Nicosia (NW) Nouakchott (NE) Ottawa (EE) Praia (NE) Pristina (NW) Pyongyang (WW) Reykjavík (SE) Riyadh (NW) San Marino (NE) Sana'a (NW) Sarajevo (NW) Skopje (NW) Stockholm (SS) Tashkent (WW) Tripoli (NN) Ulaanbaatar (WW) Valletta (NN) Vienna (SS) Windhoek (NN) Yaoundé (NN) Zagreb
64%
Algiers (EE) Andorra la Vella (EE) Ankara (EE) Asmara (NE) Athens (EE) Bangui (NE) Beijing (WW) Brazzaville (NE) Dushanbe (WW) Helsinki (SE) Jakarta (NW) Juba (NE) Khartoum (NE) Kinshasa (NE) Kuala Lumpur (NW) Kuwait City (NE) Lisbon (EE) Luanda (NE) Madrid (EE) Minsk (SE) Monaco (EE) Moscow (SE) Muscat (NN) Nicosia (EE) Oslo (SE) Ottawa (EE) Podgorica (EE) Port Louis (NN) Pristina (EE) Pyongyang (WW) Rabat (EE) Riga (SE) Riyadh (NE) Rome (EE) San Marino (EE) Seoul (WW) Singapore (NW) Skopje (EE) Stockholm (SE) Tallinn (SE) Tirana (EE) Tokyo (WW) Tripoli (EE) Tunis (EE) Valletta (EE) Vatican City (EE) Victoria (NN) Vilnius (SE) Ashgabat
63%
Ashgabat (SW) Asmara (SW) Astana (SW) Bamako (SE) Bishkek (SW) Bratislava (SS) Budapest (SS) Bujumbura (WW) Dodoma (WW) Doha (SW) Dushanbe (SW) Harare (NW) Khartoum (SW) Kigali (WW) Kinshasa (any) Kuala Lumpur (WW) Kuwait City (SW) Libreville (SE) Lomé (SE) Lusaka (NW) Malabo (SE) Manama (SW) Maputo (NW) Nairobi (WW) Niamey (SE) Nouakchott (SE) Ouagadougou (SE) Podgorica (SS) Porto-Novo (SE) Riyadh (SW) Sarajevo (SS) Singapore (WW) Stockholm (SS) Tashkent (SW) Tehran (SW) Victoria (WW) Vienna (SS) Warsaw (SS) Windhoek (NN) Zagreb (SS) Brazzaville
63%
Abuja (NE) Accra (NE) Addis Ababa (NN) Algiers (EE) Amsterdam (SE) Asmara (NN) Baghdad (WW) Beirut (any) Belgrade (SE) Berlin (SE) Bratislava (SE) Brussels (SE) Bucharest (SE) Budapest (SE) Cairo (NE) Copenhagen (SE) Dodoma (NN) Islamabad (WW) Juba (NN) Kabul (WW) Kampala (NN) Kathmandu (WW) Kigali (NN) Libreville (NE) Lilongwe (NN) Lisbon (EE) Ljubljana (SE) Lomé (NE) Luxembourg (SE) Malabo (NE) Malé (NW) Maputo (NN) Mbabane (NN) Moscow (SS) Nairobi (NN) N'Djamena (NE) New Delhi (WW) Porto-Novo (NE) Prague (SE) Pristina (SE) Pyongyang (WW) Rabat (EE) Riyadh (NW) São Tomé (NE) Sarajevo (SE) Seoul (WW) Skopje (SE) Sofia (SE) Tbilisi (SW) Tehran (WW) Tokyo (WW) Tripoli (EE) Tunis (EE) Valletta (EE) Vienna (SE) Washington D.C. (EE) Yaoundé (NE) Yerevan (SW) Zagreb (SE) Damascus
63%
Abu Dhabi (SW) Accra (EE) Addis Ababa (SW) Amman (SS) Ankara (SS) Antananarivo (NW) Bandar Seri Begawan (WW) Beirut (SS) Bishkek (SW) Bujumbura (NE) Damascus (SS) Djibouti (SW) Doha (SW) Dushanbe (SW) Harare (NN) Islamabad (SW) Jerusalem (SS) Kabul (SW) Kigali (NE) Kuala Lumpur (WW) Libreville (EE) Lilongwe (NN) Lisbon (SE) Malabo (EE) Malé (WW) Maputo (NN) Maseru (NN) Mbabane (NN) Mogadishu (WW) Monrovia (EE) Moroni (NW) Moscow (SS) Muscat (SW) Nicosia (SS) Paramaribo (EE) Port Louis (NW) Pretoria (NN) Rabat (SE) Sana'a (SW) São Tomé (EE) Singapore (WW) Yamoussoukro (EE) Yaoundé (EE) Kampala
63%
Abuja (WW) Asunción (NN) Bamako (WW) Banjul (WW) Belmopan (EE) Bissau (WW) Bridgetown (WW) Buenos Aires (NN) Castries (any) Conakry (WW) Dakar (WW) Dublin (SW) Guatemala City (EE) Managua (EE) Mexico City (EE) Nassau (SE) N'Djamena (WW) Niamey (WW) Nouakchott (WW) Oslo (SW) Ouagadougou (WW) Paramaribo (NW) Port-of-Spain (NN) Praia (WW) Quito (NE) Saint George's (any) San José (EE) San Salvador (EE) Sucre (NN) Tegucigalpa (EE) Kingstown
63%
Ashgabat (SW) Asmara (SW) Astana (SW) Bamako (SE) Bishkek (SW) Bratislava (SS) Brazzaville (any) Budapest (SS) Bujumbura (WW) Dodoma (WW) Doha (SW) Dushanbe (SW) Harare (NW) Khartoum (SW) Kigali (WW) Kuala Lumpur (WW) Kuwait City (SW) Libreville (SE) Lomé (SE) Lusaka (NW) Malabo (SE) Manama (SW) Maputo (NW) Nairobi (WW) Niamey (SE) Nouakchott (SE) Ouagadougou (SE) Podgorica (SS) Porto-Novo (SE) Riyadh (SW) Sarajevo (SS) Singapore (WW) Stockholm (SS) Tashkent (SW) Tehran (SW) Victoria (WW) Vienna (SS) Warsaw (SS) Windhoek (NN) Zagreb (SS) Kinshasa
63%
Accra (NN) Ankara (WW) Ashgabat (WW) Athens (WW) Baku (WW) Bamako (NN) Beijing (WW) Berlin (SW) Bern (SW) Bishkek (WW) Copenhagen (SW) Dushanbe (WW) Helsinki (SW) Juba (NW) Khartoum (NW) Lomé (NN) Luxembourg (SW) Mogadishu (NW) Nairobi (NW) Ouagadougou (NN) Podgorica (WW) Port Louis (NW) Porto-Novo (NN) Prague (SW) Pristina (WW) Pyongyang (WW) Riga (SW) Rome (WW) Skopje (WW) Sofia (WW) Stockholm (SW) Sucre (NE) Tallinn (SW) Tashkent (WW) Tbilisi (WW) Tehran (WW) Tirana (WW) Vaduz (SW) Vatican City (WW) Vilnius (SW) Washington D.C. (EE) Yamoussoukro (NN) Yerevan (WW) Madrid
63%
Addis Ababa (WW) Algiers (SS) Amman (SW) Amsterdam (SS) Ankara (SW) Bangui (WW) Beirut (SW) Bern (SS) Bogotá (EE) Brazzaville (NW) Brussels (SS) Cairo (SW) Caracas (EE) Colombo (WW) Damascus (SW) Djibouti (WW) Freetown (EE) Gaborone (NW) Georgetown (EE) Harare (NW) Jerusalem (SW) Juba (WW) Kinshasa (NW) Libreville (NW) Lusaka (NW) Luxembourg (SS) Malé (WW) Managua (EE) Maputo (NW) Mbabane (NW) Mogadishu (WW) Monaco (SS) Monrovia (EE) Nicosia (SW) Panama City (EE) Paramaribo (EE) Port-of-Spain (EE) Pretoria (NW) Quito (EE) San José (EE) Tbilisi (SW) Tegucigalpa (EE) Vaduz (SS) Yamoussoukro (EE) Yerevan (SW) Porto-Novo
63%
Amman (NW) Amsterdam (SE) Andorra la Vella (EE) Baku (WW) Bamako (NE) Bangui (NN) Banjul (NE) Beijing (WW) Beirut (NW) Bishkek (WW) Bissau (NE) Brasília (NE) Brazzaville (NN) Brussels (SE) Bucharest (WW) Budapest (SS) Cairo (NW) Conakry (NE) Dakar (NE) Damascus (NW) Dushanbe (WW) Freetown (NE) Jerusalem (NW) Kiev (SW) Kinshasa (NN) Ljubljana (SE) Monaco (EE) Moscow (SW) N'Djamena (NN) Nicosia (NW) Nouakchott (NE) Ottawa (EE) Pyongyang (WW) Reykjavík (SE) Riyadh (NW) San Marino (EE) Sana'a (NW) Seoul (WW) Skopje (NW) Tashkent (WW) Tbilisi (WW) Tunis (NE) Ulaanbaatar (WW) Washington D.C. (EE) Windhoek (NN) Yaoundé (NN) Zagreb (SE) Sarajevo
63%
Amman (NE) Amsterdam (EE) Asmara (NE) Baghdad (NE) Baku (NE) Bangui (NE) Berlin (EE) Bern (EE) Bratislava (EE) Brazzaville (NE) Brussels (EE) Budapest (EE) Cairo (NE) Chișinău (EE) Colombo (NN) Copenhagen (EE) Dublin (EE) Dushanbe (NN) Hanoi (NW) Islamabad (NN) Jerusalem (NE) Kabul (NN) Khartoum (NE) Kiev (EE) Kinshasa (NE) Kuwait City (NE) Libreville (NE) Ljubljana (EE) London (EE) Luanda (NE) Luxembourg (EE) Malabo (NE) Malé (NN) Manila (NW) Minsk (EE) Monaco (EE) N'Djamena (NE) Ottawa (EE) Paris (EE) Port Moresby (NW) Prague (EE) Riyadh (NE) São Tomé (NE) Tashkent (NN) Tehran (NE) Ulaanbaatar (WW) Vaduz (EE) Vienna (EE) Vientiane (NW) Vilnius (EE) Warsaw (EE) Yaoundé (NE) Zagreb (EE) Astana
62%
Abu Dhabi (SW) Addis Ababa (SW) Ankara (SS) Antananarivo (NW) Bangui (SE) Beirut (SS) Bishkek (SW) Brazzaville (EE) Cairo (SS) Djibouti (SW) Doha (SW) Dushanbe (SW) Gaborone (NN) Harare (NN) Islamabad (SW) Jakarta (WW) Jerusalem (SS) Kabul (SW) Kampala (SW) Khartoum (SS) Kiev (SS) Kinshasa (EE) Lisbon (SE) Lusaka (NN) Malé (WW) Maputo (NN) Maseru (NN) Mbabane (NN) Muscat (SW) N'Djamena (SE) Nicosia (SS) Pretoria (NN) Rabat (SE) Sana'a (SW) São Tomé (EE) Singapore (WW) Victoria (WW) Bujumbura
62%
Algiers (SW) Andorra la Vella (SW) Asmara (WW) Bamako (WW) Basseterre (EE) Belmopan (EE) Bern (SW) Brasília (NE) Bratislava (SW) Bridgetown (EE) Budapest (SW) Caracas (EE) Castries (EE) Dakar (WW) Djibouti (WW) Guatemala City (EE) Khartoum (WW) Kingston (EE) Kingstown (EE) Ljubljana (SW) Luxembourg (SW) Managua (EE) Maseru (NW) Mexico City (EE) Minsk (SW) Monaco (SW) Moscow (SW) N'Djamena (WW) Niamey (WW) Ouagadougou (WW) Port-au-Prince (EE) Port-of-Spain (EE) Prague (SW) Rabat (SW) Reykjavík (SS) Riga (SW) Rome (SW) Roseau (EE) Saint George's (EE) Saint John's (EE) San José (EE) San Marino (SW) San Salvador (EE) Sana'a (WW) Santiago (NE) Santo Domingo (EE) Tegucigalpa (EE) Tunis (SW) Vaduz (SW) Vatican City (SW) Vienna (SW) Vilnius (SW) Warsaw (SW) Windhoek (NW) Zagreb (SW) Praia
62%
Abu Dhabi (NW) Amsterdam (NE) Ashgabat (NW) Athens (NN) Baku (NW) Bangui (NN) Belgrade (NN) Bratislava (NN) Brazzaville (NN) Brussels (NE) Budapest (NN) Colombo (NW) Copenhagen (NE) Gaborone (NN) Georgetown (NE) Kabul (NW) Kiev (NW) Kinshasa (NN) Kuala Lumpur (NW) Lisbon (NE) Ljubljana (NN) London (NE) Luanda (NN) Luxembourg (NE) Madrid (NE) Minsk (NW) N'Djamena (NN) Oslo (EE) Paramaribo (NE) Paris (NE) Podgorica (NN) Pristina (NN) Riga (NW) Sarajevo (NN) Singapore (NW) Skopje (NN) Tallinn (WW) Tbilisi (NW) Tehran (NW) Tirana (NN) Tripoli (NN) Valletta (NN) Vienna (NN) Vilnius (NW) Windhoek (NN) Yerevan (NW) Zagreb (NN) Stockholm
62%
Algiers (EE) Amman (NE) Andorra la Vella (EE) Ankara (EE) Antananarivo (NN) Astana (SW) Athens (EE) Beijing (WW) Bishkek (WW) Colombo (NW) Doha (NN) Dushanbe (WW) Helsinki (SE) Jakarta (NW) Jerusalem (NE) Kiev (SE) Kuwait City (NN) Libreville (NE) Lisbon (EE) Madrid (EE) Malabo (NE) Manama (NN) Minsk (SE) Mogadishu (NN) Monaco (EE) N'Djamena (NE) Oslo (SE) Ottawa (EE) Podgorica (EE) Pristina (EE) Pyongyang (WW) Rabat (EE) Riga (SE) Riyadh (NN) Rome (EE) San Marino (EE) São Tomé (NE) Sarajevo (EE) Seoul (WW) Skopje (EE) Sofia (EE) Stockholm (SE) Tallinn (SE) Tashkent (WW) Tirana (EE) Tokyo (WW) Tunis (EE) Valletta (EE) Vatican City (EE) Vilnius (SE) Washington D.C. (EE) Yaoundé (NE) Yerevan (EE) Baku
61%
Addis Ababa (WW) Algiers (SW) Asmara (WW) Asunción (NE) Bamako (WW) Basseterre (EE) Belgrade (SW) Belmopan (EE) Brasília (NE) Bratislava (SW) Bridgetown (EE) Bucharest (SW) Budapest (SW) Caracas (EE) Castries (EE) Chișinău (SW) Conakry (NW) Djibouti (WW) Gaborone (NW) Georgetown (EE) Guatemala City (EE) Khartoum (WW) Kiev (SW) Kingston (EE) Kingstown (EE) Ljubljana (SW) Luanda (NW) Managua (EE) Maseru (NW) Mbabane (NW) Mexico City (EE) Minsk (SW) Monrovia (NW) Moscow (SW) N'Djamena (WW) Niamey (WW) Nouakchott (SS) Ouagadougou (WW) Panama City (EE) Podgorica (SW) Port-of-Spain (EE) Pretoria (NW) Pristina (SW) Rome (SW) Roseau (EE) Saint George's (EE) Saint John's (EE) San José (EE) San Marino (SW) San Salvador (EE) Sana'a (WW) Santiago (NE) Sarajevo (SW) Skopje (SW) Sofia (SW) Tegucigalpa (EE) Tirana (SW) Tripoli (SW) Tunis (SW) Valletta (SW) Vatican City (SW) Vienna (SW) Windhoek (NW) Zagreb (SW) Banjul
61%
Algiers (EE) Andorra la Vella (EE) Ankara (EE) Antananarivo (NE) Ashgabat (EE) Athens (EE) Baku (EE) Bandar Seri Begawan (NN) Belgrade (EE) Bishkek (EE) Bucharest (EE) Colombo (NE) Dhaka (NE) Dushanbe (EE) Kabul (EE) Lisbon (EE) Ljubljana (EE) Madrid (EE) Malé (NE) Manila (NN) Monaco (EE) Naypyidaw (NE) Nicosia (EE) Nukuʻalofa (NW) Palikir (NW) Podgorica (EE) Port Louis (NE) Port Vila (NW) Pristina (EE) Pyongyang (WW) Rabat (EE) Rome (EE) San Marino (EE) Sarajevo (EE) Skopje (EE) Sofia (EE) Suva (NW) Tashkent (EE) Tbilisi (EE) Tehran (EE) Tirana (EE) Tripoli (EE) Tunis (EE) Ulaanbaatar (SE) Valletta (EE) Vatican City (EE) Yaren (NW) Yerevan (EE) Zagreb (EE) Beijing
61%
Asunción (SW) Banjul (SW) Bissau (SW) Brasília (SW) Buenos Aires (WW) Caracas (SS) Dakar (SW) Maputo (WW) Maseru (WW) Mbabane (WW) Montevideo (WW) Nouakchott (SW) Praia (SW) Santo Domingo (SS) Wellington (EE) Santiago
61%
Abuja (SE) Accra (EE) Amman (SW) Astana (SW) Baghdad (SW) Baku (SW) Bangui (WW) Beirut (SW) Berlin (SS) Bogotá (EE) Bratislava (SS) Budapest (SS) Cairo (SW) Caracas (EE) Colombo (WW) Copenhagen (SS) Damascus (SW) Georgetown (EE) Harare (NW) Jerusalem (SW) Juba (WW) Kampala (WW) Kuwait City (SW) Lilongwe (NW) Ljubljana (SS) Luanda (NN) Lusaka (NW) Malabo (EE) Malé (WW) Mogadishu (WW) Monrovia (EE) Niamey (SE) Paramaribo (EE) Prague (SS) Rome (SS) San Marino (SS) São Tomé (NE) Sarajevo (SS) Tehran (SW) Tripoli (SS) Valletta (SS) Vatican City (SS) Vienna (SS) Zagreb (SS) Yaoundé
61%
Abuja (WW) Accra (WW) Amsterdam (SW) Asunción (NN) Bangui (WW) Banjul (WW) Bissau (WW) Bogotá (EE) Buenos Aires (NN) Conakry (WW) Copenhagen (SW) Dublin (SW) Freetown (WW) Havana (SE) Juba (WW) Lima (NE) Lomé (WW) London (SW) Malabo (WW) Monrovia (WW) Montevideo (NN) Nassau (SE) N'Djamena (WW) Oslo (SW) Panama City (EE) Port-au-Prince (SE) Port-of-Spain (SE) Porto-Novo (WW) San José (EE) Santo Domingo (SE) Stockholm (SW) Yamoussoukro (WW) Yaoundé (WW) Georgetown
60%
Algiers (EE) Andorra la Vella (EE) Antananarivo (NN) Astana (SW) Athens (EE) Bangui (NE) Beijing (WW) Beirut (EE) Brazzaville (NE) Colombo (NW) Copenhagen (SE) Damascus (EE) Doha (NN) Helsinki (SE) Islamabad (WW) Kabul (WW) Khartoum (NE) Kiev (SE) Kinshasa (NE) Libreville (NE) Lisbon (EE) Madrid (EE) Manama (NN) Minsk (SE) Mogadishu (NN) N'Djamena (NE) Nicosia (EE) Oslo (SE) Pyongyang (WW) Rabat (EE) Riga (SE) São Tomé (NE) Seoul (WW) Stockholm (SE) Tallinn (SE) Tbilisi (SE) Tokyo (WW) Tripoli (EE) Tunis (EE) Valletta (EE) Victoria (NN) Vilnius (SE) Warsaw (SE) Yaoundé (NE) Yerevan (SE) Tehran
60%
Abuja (NN) Algiers (NN) Amman (NW) Astana (WW) Athens (NW) Beirut (NW) Belgrade (NW) Berlin (WW) Cairo (NW) Copenhagen (SW) Damascus (NW) Doha (NW) Dublin (EE) Georgetown (NE) Helsinki (SW) Jerusalem (NW) Kiev (WW) Kuwait City (NW) Libreville (NN) Lisbon (NE) Ljubljana (NW) Lomé (NN) Malabo (NN) Manama (NW) Minsk (WW) Moscow (WW) Niamey (NN) Nicosia (NW) Ouagadougou (NN) Paramaribo (NE) Podgorica (NW) Porto-Novo (NN) Pristina (NW) Reykjavík (SE) Riyadh (NW) Sana'a (NW) São Tomé (NN) Sarajevo (NW) Skopje (NW) Sofia (NW) Stockholm (SW) Tirana (NW) Ulaanbaatar (WW) Warsaw (WW) Zagreb (NW) Amsterdam
59%
Abuja (WW) Asunción (NN) Bamako (WW) Banjul (WW) Belmopan (EE) Bissau (WW) Bogotá (NE) Buenos Aires (NN) Dakar (WW) Dublin (SW) Guatemala City (EE) Khartoum (WW) Kingstown (any) Managua (EE) Mexico City (EE) Nassau (SE) N'Djamena (WW) Niamey (WW) Nouakchott (WW) Oslo (SW) Ouagadougou (WW) Paramaribo (NW) Port-of-Spain (NN) Praia (WW) Quito (NE) San Salvador (EE) Sucre (NN) Tegucigalpa (EE) Castries
59%
Abu Dhabi (SW) Abuja (EE) Accra (EE) Algiers (SE) Amman (SS) Ankara (SS) Ashgabat (SW) Bandar Seri Begawan (WW) Bangui (EE) Beirut (SS) Bishkek (SW) Colombo (WW) Damascus (SS) Doha (SW) Dushanbe (SW) Freetown (EE) Georgetown (EE) Harare (NN) Jerusalem (SS) Kabul (SW) Khartoum (SS) Kuala Lumpur (WW) Lilongwe (NN) Lisbon (SE) Lomé (EE) Luanda (NE) Lusaka (NN) Madrid (SE) Malabo (EE) Malé (WW) Manama (SW) Maputo (NN) Maseru (NN) Mbabane (NN) Monrovia (EE) Moroni (NW) Muscat (SW) Nairobi (NW) Nicosia (SS) Paramaribo (EE) Port Louis (NW) Porto-Novo (EE) Pretoria (NN) Riyadh (SW) Sana'a (SW) Singapore (WW) Tashkent (SW) Yamoussoukro (EE) Yaoundé (EE) Juba
59%
Amsterdam (SW) Ankara (WW) Antananarivo (NW) Ashgabat (WW) Athens (WW) Baghdad (WW) Baku (WW) Bamako (NN) Bangui (NW) Beijing (WW) Beirut (WW) Berlin (SW) Bishkek (WW) Brussels (SW) Bujumbura (NW) Conakry (NN) Copenhagen (SW) Damascus (WW) Dodoma (NW) Dublin (SS) Dushanbe (WW) Freetown (NN) Helsinki (SW) Islamabad (WW) Juba (NW) Kabul (WW) Kampala (NW) Kigali (NW) Luxembourg (SW) Monrovia (NN) Moroni (NW) Nairobi (NW) N'Djamena (NW) Nicosia (WW) Paris (SW) Podgorica (WW) Port Louis (NW) Pristina (WW) Riga (SW) Skopje (WW) Sofia (WW) Stockholm (SW) Sucre (NE) Tallinn (SW) Tashkent (WW) Tbilisi (WW) Tehran (WW) Tirana (WW) Tunis (WW) Valletta (WW) Washington D.C. (EE) Yamoussoukro (NN) Yerevan (WW) Lisbon
59%
Basseterre (WW) Belmopan (EE) Bogotá (NN) Dakar (WW) Georgetown (NW) Kingston (EE) Lima (NN) Mexico City (EE) Nassau (SE) N'Djamena (WW) Niamey (WW) Nouakchott (WW) Panama City (NE) Paramaribo (NW) Port-of-Spain (NW) Praia (WW) Saint John's (WW) San José (NE) Santiago (NN) Santo Domingo (WW) Port-au-Prince
59%
Abuja (WW) Accra (WW) Asunción (NN) Bamako (WW) Bangui (WW) Banjul (WW) Bissau (WW) Bridgetown (SW) Buenos Aires (NN) Caracas (EE) Castries (SS) Conakry (WW) Dakar (WW) Dublin (SW) Freetown (WW) Georgetown (NW) Guatemala City (EE) Kingstown (SS) Lomé (WW) Managua (EE) Monrovia (WW) Nassau (SE) N'Djamena (WW) Niamey (WW) Nouakchott (WW) Oslo (SW) Ouagadougou (WW) Panama City (EE) Paramaribo (NW) Port-au-Prince (SE) Porto-Novo (WW) Praia (WW) Roseau (SS) San José (EE) San Salvador (EE) Santo Domingo (SE) Sucre (NN) Tegucigalpa (EE) Yamoussoukro (WW) Port-of-Spain
59%
Abuja (NN) Amman (NW) Andorra la Vella (NE) Asmara (NW) Astana (WW) Athens (NW) Bern (EE) Brussels (SE) Budapest (WW) Cairo (NW) Chișinău (WW) Jerusalem (NW) Libreville (NN) Lomé (NN) Luanda (NN) Luxembourg (SE) Madrid (NE) Malabo (NN) N'Djamena (NN) Nouakchott (NE) Oslo (SS) Ottawa (EE) Porto-Novo (NN) Prague (SW) Praia (NE) Rabat (NE) Reykjavík (SE) Riga (SW) Riyadh (NW) Sana'a (NW) São Tomé (NN) Tallinn (SW) Tashkent (WW) Tirana (NW) Tunis (NN) Ulaanbaatar (WW) Vilnius (SW) Yaoundé (NN) Vaduz
59%
Algiers (SW) Banjul (SW) Bissau (SW) Brasília (SW) Buenos Aires (NN) Dakar (SW) Gaborone (WW) Lima (SE) Maputo (WW) Maseru (WW) Mbabane (WW) Mexico City (SE) Montevideo (NN) Nouakchott (SW) Paramaribo (SS) Pretoria (WW) Quito (SE) San José (SE) Santiago (NE) Sucre (SE) Tripoli (SW) Tunis (SW) Windhoek (WW) Asunción
58%
Abu Dhabi (NW) Abuja (NE) Algiers (EE) Ankara (SE) Antananarivo (NN) Astana (SW) Bangui (NE) Beirut (EE) Berlin (SE) Bratislava (SE) Bucharest (SE) Budapest (SE) Chișinău (SE) Colombo (NW) Copenhagen (SE) Damascus (EE) Djibouti (NN) Doha (NW) Islamabad (WW) Kabul (WW) Kathmandu (WW) Kuwait City (NW) Libreville (NE) Lisbon (EE) Malabo (NE) Malé (NW) Manama (NW) Mogadishu (NN) Moroni (NN) Muscat (NW) N'Djamena (NE) New Delhi (WW) Oslo (SE) Prague (SE) Pyongyang (WW) Rabat (EE) Sana'a (NN) São Tomé (NE) Seoul (WW) Tbilisi (SS) Thimphu (WW) Tokyo (WW) Tripoli (EE) Tunis (EE) Valletta (EE) Vienna (SE) Warsaw (SE) Washington D.C. (EE) Yaoundé (NE) Yerevan (SS) Baghdad
58%
Abuja (WW) Addis Ababa (WW) Asmara (WW) Asunción (NE) Athens (SW) Bamako (WW) Belgrade (SW) Belmopan (EE) Brasília (NE) Bridgetown (EE) Bucharest (SW) Buenos Aires (NE) Caracas (EE) Castries (EE) Chișinău (SW) Conakry (NW) Djibouti (WW) Gaborone (NW) Georgetown (EE) Guatemala City (EE) Khartoum (WW) Kiev (SW) Kingstown (EE) Ljubljana (SW) Luanda (NW) Malé (WW) Managua (EE) Maseru (NW) Mbabane (NW) Monrovia (NW) Moscow (SW) N'Djamena (WW) Niamey (WW) Ouagadougou (WW) Panama City (EE) Paramaribo (EE) Podgorica (SW) Port-of-Spain (EE) Pretoria (NW) Pristina (SW) Rome (SW) Roseau (EE) Saint George's (EE) San José (EE) San Marino (SW) San Salvador (EE) Sana'a (WW) Santiago (NE) Sarajevo (SW) Skopje (SW) Sofia (SW) Tegucigalpa (EE) Tirana (SW) Tripoli (SW) Tunis (SW) Valletta (SW) Vatican City (SW) Windhoek (NW) Zagreb (SW) Bissau
58%
Abuja (WW) Asunción (NN) Bamako (WW) Banjul (WW) Basseterre (SE) Belmopan (EE) Bissau (WW) Buenos Aires (NN) Conakry (WW) Dakar (WW) Dublin (SW) Guatemala City (EE) Khartoum (WW) Kingstown (EE) Managua (EE) Mexico City (EE) Montevideo (NN) Nassau (SE) N'Djamena (WW) Niamey (WW) Nouakchott (WW) Oslo (SW) Ouagadougou (WW) Port-of-Spain (NE) Praia (WW) Quito (NE) Roseau (SE) San José (EE) San Salvador (EE) Sucre (NN) Tegucigalpa (EE) Bridgetown
58%
Addis Ababa (NE) Amsterdam (SE) Ankara (SE) Antananarivo (NN) Asmara (NE) Baghdad (SE) Belgrade (SE) Berlin (SE) Bishkek (SW) Bratislava (SE) Brazzaville (NE) Brussels (SE) Bucharest (SE) Budapest (SE) Bujumbura (NE) Chișinău (SE) Copenhagen (SE) Dhaka (WW) Dushanbe (SW) Hanoi (WW) Juba (NE) Kampala (NE) Kathmandu (WW) Kigali (NE) Kinshasa (NE) Kuwait City (SE) Luanda (NE) Malé (NW) Manama (any) Naypyidaw (WW) New Delhi (WW) Oslo (SE) Prague (SE) Riyadh (EE) Sofia (SE) Taipei (WW) Tashkent (SW) Thimphu (WW) Victoria (NN) Vienna (SE) Warsaw (SE) Zagreb (SE) Doha
58%
Amman (SW) Astana (SW) Baghdad (SW) Baku (SW) Bangui (WW) Beirut (SW) Berlin (SS) Bogotá (EE) Bratislava (SS) Brazzaville (NW) Cairo (SW) Colombo (WW) Copenhagen (SS) Damascus (SW) Georgetown (EE) Harare (NW) Jerusalem (SW) Juba (WW) Kampala (WW) Kinshasa (NW) Lilongwe (NW) Ljubljana (SS) Lusaka (NW) Malé (WW) Maputo (NW) Mbabane (NW) Mogadishu (WW) Monrovia (EE) N'Djamena (SW) Nicosia (SW) Oslo (SS) Ouagadougou (SE) Panama City (EE) Paramaribo (EE) Quito (EE) Rome (SS) San Marino (SS) Tbilisi (SW) Tripoli (SS) Tunis (SS) Vaduz (SS) Valletta (SS) Vatican City (SS) Vienna (SS) Yaoundé (WW) Yerevan (SW) Zagreb (SS) Malabo
58%
Abuja (WW) Accra (WW) Addis Ababa (WW) Ankara (SW) Athens (SW) Bangui (WW) Banjul (SE) Bissau (SE) Bogotá (EE) Bucharest (SW) Buenos Aires (NE) Caracas (EE) Chișinău (SW) Conakry (SE) Dakar (SE) Dublin (SS) Freetown (SE) Gaborone (NW) Georgetown (EE) Juba (WW) Kampala (WW) Lisbon (SS) Lomé (WW) Malabo (WW) Malé (WW) Managua (EE) Maseru (NW) Mogadishu (WW) Montevideo (NE) Panama City (EE) Paramaribo (EE) Podgorica (SW) Port-of-Spain (EE) Porto-Novo (WW) Pretoria (NW) Rabat (SS) San José (EE) Tirana (SW) Tripoli (SW) Valletta (SW) Windhoek (NW) Yamoussoukro (WW) Yaoundé (WW) Monrovia
58%
Amsterdam (EE) Andorra la Vella (EE) Astana (EE) Bandar Seri Begawan (NN) Bangkok (NN) Beijing (NW) Belgrade (EE) Berlin (EE) Bern (EE) Bratislava (EE) Brussels (EE) Bucharest (EE) Budapest (EE) Chișinău (EE) Dodoma (NE) Dublin (EE) Funafuti (NW) Hanoi (NN) Jakarta (NN) Kathmandu (NE) Kiev (EE) Kuala Lumpur (NN) Lilongwe (NE) Ljubljana (EE) London (EE) Luxembourg (EE) Mogadishu (NE) Monaco (EE) Moroni (NE) New Delhi (NE) Ottawa (WW) Palikir (NW) Paris (EE) Phnom Penh (NN) Port Vila (NW) Prague (EE) Pristina (EE) San Marino (EE) Sarajevo (EE) Seoul (NW) Singapore (NN) Tbilisi (EE) Vaduz (EE) Victoria (NE) Vienna (EE) Vientiane (NN) Warsaw (EE) Yaren (NW) Yerevan (EE) Zagreb (EE) Ulaanbaatar
58%
Amman (EE) Baghdad (EE) Beirut (EE) Cairo (EE) Colombo (NN) Damascus (EE) Dodoma (NE) Doha (EE) Dushanbe (SE) Gaborone (NE) Harare (NE) Helsinki (SE) Islamabad (SE) Jakarta (NW) Jerusalem (EE) Kabul (SE) Kathmandu (WW) Kuala Lumpur (NW) Kuwait City (EE) Lilongwe (NE) Lusaka (NE) Malé (NN) Manama (EE) Mogadishu (NE) Moscow (SE) Nicosia (EE) Pretoria (NE) Rabat (EE) Riyadh (EE) Singapore (NW) Taipei (WW) Tallinn (SE) Thimphu (WW) Tripoli (EE) Ulaanbaatar (SW) Windhoek (NE) New Delhi
57%
Abuja (SS) Accra (SE) Amman (SW) Astana (SW) Baghdad (SW) Baku (SW) Bamako (SE) Beirut (SW) Bern (SS) Bogotá (EE) Bujumbura (WW) Cairo (SW) Copenhagen (SS) Damascus (SW) Gaborone (NW) Harare (NW) Jerusalem (SW) Kampala (WW) Kigali (WW) Libreville (WW) Lomé (SE) Luanda (NW) Lusaka (NW) Malé (WW) Maputo (NW) Mbabane (NW) Mogadishu (WW) Monaco (SS) Nairobi (WW) N'Djamena (SW) Nicosia (SW) Nouakchott (SE) Oslo (SS) Pretoria (NW) Quito (EE) Rome (SS) San Marino (SS) Tehran (SW) Tunis (SS) Vaduz (SS) Vatican City (SS) Yaoundé (SW) Yerevan (SW) São Tomé
57%
Abu Dhabi (NE) Addis Ababa (NE) Andorra la Vella (EE) Ankara (EE) Asmara (NE) Athens (EE) Baku (EE) Bandar Seri Begawan (NW) Bangkok (NW) Beijing (WW) Belgrade (EE) Bern (EE) Bratislava (EE) Brazzaville (NE) Bucharest (EE) Budapest (EE) Bujumbura (NE) Chișinău (EE) Colombo (NN) Dili (NW) Djibouti (NE) Doha (NE) Dushanbe (NE) Hanoi (NW) Islamabad (NN) Juba (NE) Kampala (NE) Kigali (NE) Kinshasa (NE) Lisbon (EE) Ljubljana (EE) Luanda (NE) Madrid (EE) Malé (NN) Manama (NE) Monaco (EE) Naypyidaw (NW) New Delhi (NN) Ottawa (EE) Phnom Penh (NW) Podgorica (EE) Prague (EE) Pristina (EE) Pyongyang (WW) Riyadh (NE) Rome (EE) San Marino (EE) Sana'a (NE) Sarajevo (EE) Seoul (WW) Skopje (EE) Sofia (EE) Tbilisi (EE) Thimphu (NW) Tirana (EE) Vatican City (EE) Vienna (EE) Vientiane (NW) Yerevan (EE) Zagreb (EE) Bishkek
56%
Abu Dhabi (NW) Abuja (NN) Amsterdam (NE) Ankara (NW) Astana (WW) Baghdad (NW) Beirut (NW) Berlin (NN) Brazzaville (NN) Brussels (NE) Bucharest (NW) Chișinău (NW) Colombo (NW) Damascus (NW) Doha (NW) Georgetown (NE) Kinshasa (NN) Kuwait City (NW) Libreville (NN) Lisbon (NE) Ljubljana (NN) Luanda (NN) Madrid (NE) Malabo (NN) Malé (NW) Manama (NW) Moscow (WW) Muscat (NW) N'Djamena (NN) Paramaribo (NE) Paris (NE) Riyadh (NW) Rome (NN) San Marino (NN) São Tomé (NN) Stockholm (SW) Tehran (NW) Tripoli (NN) Tunis (NN) Valletta (NN) Vatican City (NN) Vilnius (WW) Windhoek (NN) Yaoundé (NN) Yerevan (NW) Copenhagen
56%
Abuja (WW) Asunción (NN) Bamako (WW) Banjul (WW) Bissau (WW) Buenos Aires (NN) Conakry (WW) Dakar (WW) Dublin (SW) Freetown (WW) Guatemala City (EE) Kingstown (any) Managua (EE) Nassau (SE) N'Djamena (WW) Niamey (WW) Nouakchott (WW) Oslo (SW) Ouagadougou (WW) Panama City (EE) Paramaribo (NW) Port-of-Spain (NN) Praia (WW) Quito (NE) Roseau (SS) San José (EE) San Salvador (EE) Santo Domingo (SE) Sucre (NN) Tegucigalpa (EE) Saint George's
56%
Asunción (NN) Bamako (WW) Banjul (WW) Basseterre (any) Belmopan (EE) Bogotá (NE) Buenos Aires (NN) Caracas (NE) Dakar (WW) Guatemala City (EE) Khartoum (WW) Kingston (EE) Kingstown (NN) Mexico City (EE) N'Djamena (WW) Niamey (WW) Nouakchott (WW) Ouagadougou (WW) Port-au-Prince (EE) Port-of-Spain (NN) Praia (WW) Quito (NE) Saint George's (NN) San Salvador (EE) Sucre (NN) Tegucigalpa (EE) Saint John's
56%
Abuja (SE) Accra (SE) Ankara (SS) Antananarivo (WW) Beirut (SS) Brasília (EE) Brazzaville (SE) Cairo (SS) Gaborone (NE) Jerusalem (SS) Juba (SS) Kampala (SS) Kathmandu (SW) Khartoum (SS) Kinshasa (SE) Libreville (SE) Lomé (SE) Lusaka (SE) Malabo (SE) Maputo (NN) Mbabane (NN) Mogadishu (SW) Moscow (SS) New Delhi (SW) Niamey (SE) Nicosia (SS) Ouagadougou (SE) Port Louis (WW) Porto-Novo (SE) São Tomé (SE) Yaoundé (SE) Harare
55%
Addis Ababa (NE) Algiers (EE) Amman (EE) Athens (EE) Baghdad (EE) Bangkok (NW) Beirut (EE) Bishkek (SS) Bujumbura (NE) Cairo (EE) Damascus (EE) Dili (NW) Djibouti (NE) Dodoma (NE) Dushanbe (SE) Helsinki (SE) Jerusalem (EE) Kampala (NE) Kigali (NE) Kuala Lumpur (NW) Lisbon (EE) Lusaka (NE) Malé (NN) Mogadishu (NE) Moscow (SE) Muscat (NE) Nairobi (NE) New Delhi (NW) Nicosia (EE) Phnom Penh (NW) Pyongyang (WW) Rabat (EE) Sana'a (NE) Seoul (WW) Singapore (NW) Tallinn (SE) Tehran (EE) Tokyo (WW) Tripoli (EE) Tunis (EE) Valletta (EE) Windhoek (NE) Islamabad
55%
Amman (SW) Astana (SW) Baghdad (SW) Baku (SW) Bamako (SE) Beirut (SW) Berlin (SS) Bogotá (EE) Brazzaville (NW) Copenhagen (SS) Damascus (SW) Harare (NW) Jerusalem (SW) Kampala (WW) Kigali (WW) Kinshasa (NW) Lusaka (NW) Malé (WW) Maputo (NW) Mbabane (NW) Mogadishu (WW) Nairobi (WW) Nouakchott (SE) Oslo (SS) Ouagadougou (SE) Paramaribo (EE) Porto-Novo (SE) Prague (SS) Quito (EE) Rome (SS) San Marino (SS) São Tomé (EE) Tehran (SW) Tripoli (SS) Tunis (SS) Vaduz (SS) Valletta (SS) Vatican City (SS) Libreville
55%
Abu Dhabi (NE) Addis Ababa (NE) Andorra la Vella (EE) Ankara (EE) Asmara (NE) Astana (SS) Athens (EE) Baku (EE) Bandar Seri Begawan (NW) Bangkok (NW) Beijing (WW) Belgrade (EE) Bern (EE) Brazzaville (NE) Bucharest (EE) Budapest (EE) Dhaka (NW) Dili (NW) Djibouti (NE) Doha (NE) Dushanbe (NN) Juba (NE) Kabul (NN) Kathmandu (NW) Khartoum (NE) Kinshasa (NE) Lisbon (EE) Ljubljana (EE) Luanda (NE) Madrid (EE) Malé (NN) Manama (NE) Monaco (EE) Naypyidaw (NW) Ottawa (EE) Phnom Penh (NW) Podgorica (EE) Pristina (EE) Pyongyang (WW) Riyadh (NE) Rome (EE) San Marino (EE) Sana'a (NE) Sarajevo (EE) Seoul (WW) Skopje (EE) Sofia (EE) Tbilisi (EE) Thimphu (NW) Tirana (EE) Vaduz (EE) Valletta (EE) Vatican City (EE) Vientiane (NW) Yerevan (EE) Zagreb (EE) Tashkent
55%
Asunción (NN) Banjul (WW) Belmopan (EE) Bogotá (NE) Bridgetown (NW) Buenos Aires (NN) Dakar (WW) Guatemala City (EE) Kingston (EE) Mexico City (EE) N'Djamena (WW) Niamey (WW) Nouakchott (WW) Ouagadougou (WW) Port-au-Prince (EE) Praia (WW) Quito (NE) Saint John's (any) San Salvador (EE) Santo Domingo (EE) Sucre (NN) Tegucigalpa (EE) Basseterre
54%
Abuja (WW) Addis Ababa (WW) Athens (SW) Bamako (SW) Bangui (WW) Bogotá (EE) Brasília (NE) Bucharest (SW) Buenos Aires (NE) Caracas (EE) Chișinău (SW) Conakry (any) Djibouti (WW) Gaborone (NW) Georgetown (EE) Guatemala City (EE) Juba (WW) Kiev (SW) Lisbon (SS) Lomé (WW) Malé (WW) Managua (EE) Maseru (NW) Monrovia (NW) Montevideo (NE) Moscow (SW) N'Djamena (WW) Panama City (EE) Paramaribo (EE) Podgorica (SW) Port-of-Spain (EE) Porto-Novo (WW) Pretoria (NW) Pristina (SW) Saint George's (EE) San José (EE) San Salvador (EE) Sarajevo (SW) Skopje (SW) Sofia (SW) Tegucigalpa (EE) Tirana (SW) Tripoli (SW) Tunis (SW) Valletta (SW) Windhoek (NW) Freetown
54%
Abu Dhabi (NW) Amsterdam (SE) Ankara (SE) Antananarivo (NN) Ashgabat (SW) Astana (SW) Baghdad (SE) Baku (SS) Bangui (NE) Belgrade (SE) Berlin (SE) Bratislava (SE) Brazzaville (NE) Bucharest (SE) Budapest (SE) Cairo (EE) Chișinău (SE) Colombo (NW) Copenhagen (SE) Dhaka (WW) Doha (NW) Kathmandu (WW) Khartoum (NE) Kinshasa (NE) Luanda (NE) Malé (NW) Manama (NW) Mogadishu (NN) Moroni (NN) New Delhi (WW) Oslo (SE) Prague (SE) Taipei (WW) Thimphu (WW) Tokyo (WW) Tripoli (EE) Vienna (SE) Warsaw (SE) Yaoundé (NE) Kuwait City
54%
Accra (NW) Algiers (SW) Asmara (WW) Asunción (NE) Bamako (NW) Banjul (NN) Basseterre (EE) Belgrade (SW) Belmopan (EE) Bissau (NN) Brasília (NE) Bratislava (SW) Brazzaville (NW) Bridgetown (EE) Bucharest (SW) Budapest (SW) Castries (EE) Gaborone (NW) Guatemala City (EE) Havana (EE) Khartoum (WW) Kiev (SW) Kingston (EE) Kingstown (EE) Kinshasa (NW) Libreville (NW) Ljubljana (SW) Lomé (NW) Luanda (NW) Maputo (NW) Maseru (NW) Mbabane (NW) Mexico City (EE) Minsk (SW) Monaco (SW) Moscow (SW) Muscat (WW) Podgorica (SW) Port-au-Prince (EE) Port-of-Spain (EE) Prague (SW) Pretoria (NW) Pristina (SW) Rome (SW) Roseau (EE) Saint George's (EE) Saint John's (EE) San Marino (SW) San Salvador (EE) Sana'a (WW) Santiago (NE) Santo Domingo (EE) São Tomé (NW) Sarajevo (SW) Skopje (SW) Sofia (SW) Tegucigalpa (EE) Tirana (SW) Tunis (SW) Vaduz (SW) Vatican City (SW) Vienna (SW) Vilnius (SW) Warsaw (SW) Yamoussoukro (NW) Zagreb (SW) Nouakchott
54%
Bamako (WW) Banjul (WW) Basseterre (WW) Bissau (WW) Bridgetown (WW) Castries (WW) Conakry (WW) Dakar (WW) Freetown (WW) Havana (SW) Kingstown (WW) Nassau (SW) Niamey (WW) Nouakchott (WW) Ouagadougou (WW) Port-of-Spain (WW) Praia (WW) Quito (NW) Reykjavík (SW) Roseau (WW) Saint George's (WW) Saint John's (WW) San José (NW) San Salvador (NW) Sucre (NW) Tegucigalpa (WW) Guatemala City
53%
Abu Dhabi (EE) Amman (EE) Baghdad (EE) Bandar Seri Begawan (NW) Bangkok (NW) Beirut (EE) Cairo (EE) Canberra (NW) Damascus (EE) Dhaka (NW) Dili (NW) Doha (EE) Dushanbe (SE) Gaborone (NE) Harare (NE) Jerusalem (EE) Kuwait City (EE) Manama (EE) Maputo (NE) Maseru (NE) Mbabane (NE) Moroni (NE) Moscow (SE) Muscat (EE) Naypyidaw (NW) New Delhi (EE) Nicosia (EE) Phnom Penh (NW) Pretoria (NE) Rabat (EE) Riyadh (EE) Taipei (WW) Tashkent (SE) Thimphu (WW) Tripoli (EE) Ulaanbaatar (SW) Victoria (NE) Kathmandu
53%
Ashgabat (SE) Bandar Seri Begawan (WW) Bangui (EE) Brazzaville (EE) Canberra (NW) Colombo (EE) Dushanbe (SE) Helsinki (SE) Islamabad (SE) Juba (EE) Kabul (SE) Kampala (EE) Kigali (EE) Kinshasa (EE) Majuro (WW) Malé (EE) Mogadishu (EE) Moscow (SE) Nairobi (EE) New Delhi (SE) Ngerulmud (WW) Palikir (WW) Riga (SE) Singapore (NW) South Tarawa (WW) Stockholm (SE) Taipei (SW) Tallinn (SE) Tokyo (SW) Ulaanbaatar (SS) Vientiane (SS) Yaren (WW) Kuala Lumpur
53%
Amsterdam (SE) Ankara (SE) Antananarivo (NN) Asmara (NE) Baghdad (SE) Bangui (NE) Belgrade (SE) Berlin (SE) Bishkek (SW) Bratislava (SE) Brazzaville (NE) Bucharest (SE) Budapest (SE) Chișinău (SE) Copenhagen (SE) Dhaka (WW) Doha (any) Dushanbe (SW) Juba (NE) Kathmandu (WW) Kigali (NE) Kinshasa (NE) Kuwait City (SE) Luanda (NE) Malé (NW) Naypyidaw (WW) New Delhi (WW) Oslo (SE) Prague (SE) Sofia (SE) Taipei (WW) Tashkent (SW) Tehran (SS) Thimphu (WW) Victoria (NN) Vienna (SE) Warsaw (SE) Zagreb (SE) Manama
53%
Accra (SE) Ankara (SS) Asunción (EE) Banjul (SE) Bissau (SE) Buenos Aires (EE) Bujumbura (SS) Cairo (SS) Chișinău (SS) Conakry (SE) Dakar (SE) Dhaka (SW) Freetown (SE) Juba (SS) Kampala (SS) Kathmandu (SW) Khartoum (SS) Kiev (SS) Kigali (SS) Lomé (SE) Lusaka (SS) Maputo (SW) Mbabane (SW) Minsk (SS) Monrovia (SE) Montevideo (EE) Moroni (SW) Nicosia (SS) Nouakchott (SE) Praia (SE) Pretoria (SS) Santiago (EE) Thimphu (SW) Victoria (SW) Windhoek (SE) Yamoussoukro (SE) Maseru
53%
Accra (SE) Amman (SS) Ankara (SS) Asunción (EE) Bamako (SE) Banjul (SE) Beirut (SS) Bissau (SE) Cairo (SS) Dakar (SE) Damascus (SS) Dhaka (SW) Jerusalem (SS) Juba (SS) Kampala (SS) Kathmandu (SW) Khartoum (SS) Libreville (SE) Lomé (SE) Luanda (SE) Malabo (SE) Maseru (NE) Moroni (SW) Moscow (SS) Nicosia (SS) Nouakchott (SE) Porto-Novo (SE) Santiago (EE) São Tomé (SE) Sucre (EE) Thimphu (SW) Victoria (SW) Yamoussoukro (SE) Mbabane
53%
Amman (WW) Andorra la Vella (SW) Antananarivo (NW) Ashgabat (WW) Athens (WW) Baghdad (WW) Baku (WW) Bamako (NN) Bangui (NW) Beijing (WW) Beirut (WW) Berlin (SW) Bern (SW) Bratislava (SW) Bujumbura (NW) Cairo (WW) Damascus (WW) Dodoma (NW) Dublin (SS) Dushanbe (WW) Helsinki (SW) Islamabad (WW) Jerusalem (WW) Kabul (WW) Kampala (NW) Kathmandu (WW) Kigali (NW) Ljubljana (SW) Minsk (SW) Monaco (SW) Monrovia (NN) Moroni (NW) Moscow (SW) Nairobi (NW) N'Djamena (NW) New Delhi (WW) Nicosia (WW) Port Louis (NW) Prague (SW) Praia (NE) Riga (SW) Sucre (NE) Tallinn (SW) Tehran (WW) Thimphu (WW) Tripoli (WW) Vaduz (SW) Valletta (WW) Vienna (SW) Vilnius (SW) Warsaw (SW) Washington D.C. (EE) Yamoussoukro (NN) Yerevan (WW) Rabat
53%
Asunción (NN) Bamako (WW) Banjul (WW) Belmopan (EE) Bissau (WW) Bogotá (NE) Bridgetown (NW) Buenos Aires (NN) Caracas (NE) Dakar (WW) Dublin (SW) Guatemala City (EE) Khartoum (WW) Kingstown (NN) Managua (EE) Mexico City (EE) N'Djamena (WW) Niamey (WW) Nouakchott (WW) Ouagadougou (WW) Port-of-Spain (NN) Praia (WW) Quito (NE) Saint George's (NN) San Salvador (EE) Sucre (NN) Tegucigalpa (EE) Roseau
53%
Ashgabat (SE) Bangui (EE) Brazzaville (EE) Bujumbura (EE) Canberra (NW) Dushanbe (SE) Hanoi (SS) Helsinki (SE) Islamabad (SE) Juba (EE) Kabul (SE) Kampala (EE) Kigali (EE) Kinshasa (EE) Kuala Lumpur (SE) Majuro (WW) Malé (EE) Manila (SW) Mogadishu (EE) Moscow (SE) Nairobi (EE) New Delhi (SE) Phnom Penh (SS) Riga (SE) South Tarawa (WW) Stockholm (SE) Taipei (SW) Tallinn (SE) Tokyo (SW) Ulaanbaatar (SS) Yaren (WW) Singapore
53%
Accra (SE) Addis Ababa (SS) Amman (SS) Ankara (SS) Asmara (SS) Asunción (EE) Bamako (SE) Beirut (SS) Brazzaville (SE) Damascus (SS) Dhaka (SW) Dodoma (SS) Jerusalem (SS) Kathmandu (SW) Kinshasa (SE) Libreville (SE) Lilongwe (SS) Lomé (SE) Luanda (SE) Malabo (SE) Maseru (NE) Moroni (SW) Moscow (SS) Nairobi (SS) Nicosia (SS) Nouakchott (SE) Ouagadougou (SE) Porto-Novo (SE) Pretoria (EE) Santiago (EE) São Tomé (SE) Sucre (EE) Thimphu (SW) Victoria (SW) Yamoussoukro (SE) Maputo
52%
Abuja (WW) Accra (WW) Bamako (WW) Bangui (WW) Banjul (WW) Bissau (WW) Bogotá (NE) Brasília (NW) Conakry (WW) Dakar (WW) Dublin (SW) Freetown (WW) Havana (SE) Kingston (SE) Lomé (WW) Managua (EE) Monrovia (WW) N'Djamena (WW) Niamey (WW) Ouagadougou (WW) Panama City (EE) Port-of-Spain (WW) Porto-Novo (WW) Praia (WW) Quito (NE) Roseau (SW) Saint John's (SW) San José (EE) San Salvador (EE) Santiago (NN) Sucre (NN) Yamoussoukro (WW) Yaoundé (WW) Caracas
51%
Accra (SE) Asunción (EE) Bamako (SE) Banjul (SE) Bissau (SE) Bucharest (SS) Bujumbura (SS) Chișinău (SS) Conakry (SE) Dakar (SE) Freetown (SE) Harare (SW) Kathmandu (SW) Khartoum (SS) Kiev (SS) Lomé (SE) Luanda (SE) Minsk (SS) Mogadishu (SW) Monrovia (SE) Moroni (SW) New Delhi (SW) Nouakchott (SE) Port Louis (WW) Porto-Novo (SE) São Tomé (SE) Sucre (EE) Thimphu (SW) Victoria (SW) Yamoussoukro (SE) Gaborone
51%
Abuja (NN) Accra (NN) Algiers (NN) Amman (NW) Asmara (NW) Astana (WW) Athens (NW) Beirut (NW) Brussels (SE) Cairo (NW) Chișinău (WW) Damascus (NW) Helsinki (SW) Jerusalem (NW) Kiev (WW) Libreville (NN) Lisbon (NE) Lomé (NN) Madrid (NE) Malabo (NN) Monaco (NN) Niamey (NN) Nicosia (NW) Ottawa (EE) Ouagadougou (NN) Podgorica (NW) Porto-Novo (NN) Prague (WW) Praia (NE) Reykjavík (SE) Riyadh (NW) San Marino (NW) Sana'a (NW) São Tomé (NN) Skopje (NW) Stockholm (SW) Tallinn (SW) Tirana (NW) Ulaanbaatar (WW) Vaduz (NW) Luxembourg
51%
Accra (EE) Antananarivo (NW) Ashgabat (SW) Astana (SW) Athens (SS) Baghdad (SW) Belgrade (SS) Bucharest (SS) Budapest (SS) Bujumbura (NW) Caracas (EE) Colombo (WW) Conakry (EE) Freetown (EE) Georgetown (EE) Juba (WW) Khartoum (SW) Kuala Lumpur (WW) Kuwait City (SW) Lilongwe (NW) Lisbon (SE) Lomé (EE) Malabo (EE) Malé (WW) Manama (SW) Mogadishu (WW) Monrovia (EE) Paramaribo (EE) Phnom Penh (WW) Podgorica (SS) Port-of-Spain (EE) Porto-Novo (EE) Pristina (SS) Rabat (SE) Riga (SS) Riyadh (SW) Singapore (WW) Skopje (SS) Sofia (SS) Tehran (SW) Tirana (SS) Warsaw (SS) Windhoek (NN) Yamoussoukro (EE) Yaoundé (EE) Bangui
50%
Algiers (SW) Andorra la Vella (SW) Asunción (NW) Basseterre (SS) Bridgetown (SS) Castries (SS) Gaborone (WW) Guatemala City (SE) Kingstown (SS) Lisbon (SW) Lusaka (WW) Madrid (SW) Maputo (WW) Mbabane (WW) Mexico City (SE) Port-of-Spain (SS) Pretoria (WW) Rabat (SW) Roseau (SS) Saint George's (SS) Saint John's (SS) San Salvador (SE) Windhoek (WW) Sucre
50%
Accra (WW) Asunción (NW) Bamako (WW) Banjul (WW) Bissau (WW) Brasília (NW) Bridgetown (WW) Caracas (WW) Conakry (WW) Dakar (WW) Freetown (WW) Georgetown (WW) Guatemala City (SE) Havana (SS) Kingston (SW) Kingstown (WW) Lomé (WW) Managua (SE) Monrovia (WW) Niamey (WW) Ouagadougou (WW) Paramaribo (WW) Port-au-Prince (SW) Port-of-Spain (WW) Porto-Novo (WW) Praia (WW) Saint George's (WW) San Salvador (SE) Tegucigalpa (SE) Yamoussoukro (WW) San José
49%
Addis Ababa (NE) Ankara (SE) Antananarivo (NN) Baghdad (SE) Belgrade (SE) Berlin (SE) Bishkek (SW) Bratislava (SE) Bucharest (SE) Budapest (SE) Bujumbura (NE) Chișinău (SE) Colombo (NW) Copenhagen (SE) Dhaka (WW) Djibouti (NE) Dushanbe (SW) Hanoi (WW) Juba (NE) Kabul (SW) Kampala (NE) Kathmandu (WW) Kiev (SE) Kigali (NE) Kuwait City (SE) Malé (NW) Naypyidaw (WW) Oslo (SE) Port Louis (NN) Prague (SE) Riyadh (EE) Sana'a (NE) Sofia (SE) Stockholm (SE) Taipei (WW) Tashkent (SW) Thimphu (WW) Victoria (NN) Vienna (SE) Vilnius (SE) Warsaw (SE) Abu Dhabi
48%
Abu Dhabi (SW) Abuja (EE) Accra (EE) Algiers (SE) Andorra la Vella (SE) Asmara (SS) Bamako (EE) Bandar Seri Begawan (WW) Bangkok (WW) Banjul (EE) Bishkek (SW) Bissau (EE) Bujumbura (NE) Colombo (WW) Conakry (EE) Doha (SW) Dushanbe (SW) Freetown (EE) Islamabad (SW) Kabul (SW) Kampala (NE) Khartoum (SE) Kigali (NE) Lomé (EE) Luanda (NE) Malé (WW) Manila (WW) Maputo (NN) Mogadishu (NW) Monaco (SE) Monrovia (EE) Muscat (SW) N'Djamena (EE) Niamey (EE) Ouagadougou (EE) Phnom Penh (WW) Porto-Novo (EE) Rome (SE) Sana'a (SW) Tashkent (SW) Tbilisi (SS) Tripoli (SE) Tunis (SE) Valletta (SE) Vatican City (SE) Victoria (NW) Yamoussoukro (EE) Yerevan (SS) Addis Ababa
48%
Asmara (SS) Bandar Seri Begawan (WW) Brazzaville (EE) Dili (WW) Islamabad (SW) Jakarta (WW) Juba (SE) Kabul (SW) Kigali (EE) Kinshasa (EE) Kuala Lumpur (WW) Libreville (EE) Lisbon (SE) Madrid (SE) Malé (WW) Maputo (NN) Moscow (SS) Muscat (SW) Port Louis (NW) Rabat (SE) São Tomé (EE) Singapore (WW) Tbilisi (SS) Windhoek (NE) Yerevan (SS) Nairobi
48%
Addis Ababa (EE) Asmara (EE) Bishkek (SE) Canberra (NW) Dhaka (SE) Dili (NW) Djibouti (EE) Dushanbe (SE) Hanoi (SW) Islamabad (SE) Kabul (SE) Kathmandu (SE) Khartoum (EE) Kuala Lumpur (NN) Manila (WW) Moscow (SE) N'Djamena (EE) Pyongyang (SW) Sana'a (EE) Seoul (SW) Tashkent (SE) Thimphu (SE) Ulaanbaatar (SS) Bangkok
47%
Abuja (NN) Accra (NN) Algiers (NN) Amman (NW) Astana (WW) Athens (NW) Beirut (NW) Cairo (NW) Copenhagen (SW) Damascus (NW) Doha (NW) Helsinki (SW) Jerusalem (NW) Kiev (WW) Libreville (NN) Lisbon (NE) Ljubljana (NW) Lomé (NN) Luxembourg (NW) Malabo (NN) Niamey (NN) Nicosia (NW) Ouagadougou (NN) Paramaribo (NE) Podgorica (NW) Porto-Novo (NN) Prague (WW) Pristina (NW) Reykjavík (SE) Riyadh (NW) San Marino (NW) Sana'a (NW) São Tomé (NN) Sarajevo (NW) Skopje (NW) Stockholm (SW) Tallinn (SW) Tirana (NW) Ulaanbaatar (WW) Vaduz (NW) Warsaw (WW) Brussels
47%
Amman (SS) Antananarivo (NW) Asmara (SS) Brazzaville (EE) Damascus (SS) Dili (WW) Islamabad (SW) Jakarta (WW) Kigali (SE) Kinshasa (EE) Lisbon (SE) Luanda (EE) Lusaka (NE) Maputo (NN) Mogadishu (SW) Moroni (NW) Moscow (SS) Muscat (SW) N'Djamena (SE) New Delhi (SW) Rabat (SE) Ulaanbaatar (SW) Victoria (WW) Windhoek (NE) Dodoma
47%
Algiers (EE) Andorra la Vella (EE) Ankara (EE) Apia (NW) Ashgabat (EE) Athens (EE) Baghdad (EE) Baku (EE) Bangkok (NE) Beijing (EE) Beirut (EE) Belgrade (EE) Bishkek (EE) Bucharest (EE) Damascus (EE) Dili (NN) Dushanbe (EE) Funafuti (NW) Hanoi (NE) Islamabad (EE) Kabul (EE) Ljubljana (EE) Madrid (EE) Manila (NN) Monaco (EE) Naypyidaw (NE) Nicosia (EE) Nukuʻalofa (NW) Palikir (NW) Podgorica (EE) Port Louis (NE) Pristina (EE) Rome (EE) San Marino (EE) Sarajevo (EE) Skopje (EE) Sofia (EE) South Tarawa (NW) Suva (NW) Tashkent (EE) Tbilisi (EE) Tehran (EE) Tirana (EE) Tripoli (EE) Tunis (EE) Valletta (EE) Vatican City (EE) Vientiane (NE) Yaren (NW) Yerevan (EE) Zagreb (EE) Pyongyang
47%
Abu Dhabi (SE) Abuja (EE) Accra (EE) Addis Ababa (EE) Antananarivo (NE) Baghdad (SE) Baku (SE) Bamako (EE) Bandar Seri Begawan (WW) Bangui (EE) Beijing (SW) Chișinău (SE) Copenhagen (SE) Djibouti (EE) Juba (EE) Kiev (SE) Kuala Lumpur (WW) Kuwait City (SE) Lomé (EE) Malabo (EE) Minsk (SE) Mogadishu (EE) Muscat (SE) Naypyidaw (SW) N'Djamena (EE) Ngerulmud (WW) Niamey (EE) Oslo (SE) Ouagadougou (EE) Palikir (WW) Port Louis (NE) Porto-Novo (EE) Riga (SE) Stockholm (SE) Tbilisi (SE) Tehran (SE) Vilnius (SE) Warsaw (SE) Yamoussoukro (EE) Yaoundé (EE) Yaren (WW) Yerevan (SE) Colombo
46%
Addis Ababa (NE) Ankara (SE) Baghdad (SE) Berlin (SE) Bratislava (SE) Bucharest (SE) Budapest (SE) Bujumbura (NE) Chișinău (SE) Colombo (NW) Copenhagen (SE) Dhaka (WW) Djibouti (NE) Dodoma (NE) Hanoi (WW) Islamabad (SW) Juba (NE) Kabul (SW) Kampala (NE) Kathmandu (WW) Kiev (SE) Kigali (NE) Malé (NW) Minsk (SE) Nairobi (NE) Naypyidaw (WW) Nouakchott (EE) Oslo (SE) Port Louis (NN) Prague (SE) Riga (SE) Riyadh (EE) Taipei (WW) Thimphu (WW) Victoria (NN) Vienna (SE) Vientiane (WW) Vilnius (SE) Warsaw (SE) Windhoek (NE) Yerevan (SE) Muscat
46%
Bamako (WW) Banjul (WW) Basseterre (WW) Belmopan (SS) Bissau (WW) Bridgetown (WW) Caracas (WW) Castries (WW) Conakry (WW) Dakar (WW) Freetown (WW) Guatemala City (SE) Kingstown (WW) Lomé (WW) Nassau (SW) Niamey (WW) Nouakchott (WW) Ouagadougou (WW) Port-of-Spain (WW) Praia (WW) Quito (NW) Reykjavík (SW) Roseau (WW) Saint George's (WW) Saint John's (WW) San José (NW) Sucre (NW) Yamoussoukro (WW) San Salvador
46%
Abu Dhabi (EE) Antananarivo (NE) Baghdad (EE) Bandar Seri Begawan (NW) Bangkok (NW) Bishkek (SE) Cairo (EE) Canberra (NW) Dili (NW) Doha (EE) Gaborone (NE) Kathmandu (EE) Kuwait City (EE) Manama (EE) Maputo (NE) Maseru (NE) Mbabane (NE) Moroni (NE) Muscat (EE) Naypyidaw (NW) New Delhi (EE) Phnom Penh (NW) Pretoria (NE) Rabat (EE) Riyadh (EE) Taipei (WW) Tashkent (SE) Tripoli (EE) Victoria (NE) Vientiane (NW) Thimphu
46%
Amman (EE) Ankara (EE) Apia (NW) Ashgabat (EE) Athens (EE) Baghdad (EE) Baku (EE) Bandar Seri Begawan (NE) Beirut (EE) Cairo (EE) Damascus (EE) Dushanbe (EE) Funafuti (NW) Islamabad (EE) Jerusalem (EE) Kabul (EE) Kuala Lumpur (NE) Kuwait City (EE) Majuro (NW) Manila (NE) Monaco (EE) Ngerulmud (NN) Nicosia (EE) Phnom Penh (NE) Podgorica (EE) Pristina (EE) Rome (EE) San Marino (EE) Singapore (NE) Skopje (EE) Sofia (EE) South Tarawa (NW) Tbilisi (EE) Tehran (EE) Tirana (EE) Vatican City (EE) Yaren (NW) Yerevan (EE) Tokyo
46%
Algiers (SW) Asunción (NE) Banjul (SW) Belgrade (SW) Bissau (SW) Bogotá (SE) Bratislava (SW) Budapest (SW) Caracas (SE) Conakry (SW) Dakar (SW) Freetown (SW) Harare (WW) Havana (SE) Kingston (SE) Lilongwe (WW) Lima (EE) Ljubljana (SW) Lusaka (WW) Monaco (SW) Moroni (WW) Nouakchott (SW) Panama City (SE) Podgorica (SW) Prague (SW) Praia (SW) Pristina (SW) Rome (SW) San José (SE) San Marino (SW) Santiago (NE) Sarajevo (SW) Skopje (SW) Sofia (SW) Tirana (SW) Tunis (SW) Valletta (SW) Vatican City (SW) Vienna (SW) Zagreb (SW) Brasília
45%
Ashgabat (SE) Baku (SE) Bandar Seri Begawan (SW) Bujumbura (EE) Dili (WW) Dodoma (EE) Funafuti (WW) Honiara (WW) Kabul (SE) Kiev (SE) Kigali (EE) Minsk (SE) Moroni (EE) Moscow (SE) Nairobi (EE) New Delhi (SE) Port Moresby (WW) Tbilisi (SE) Ulaanbaatar (SS) Victoria (EE) Jakarta
44%
Bamako (WW) Banjul (WW) Basseterre (WW) Bissau (WW) Bogotá (NW) Bridgetown (WW) Castries (WW) Dakar (WW) Havana (SW) Kingston (WW) Kingstown (WW) Nassau (SW) Niamey (WW) Nouakchott (WW) Ouagadougou (WW) Panama City (NW) Port-au-Prince (WW) Praia (WW) Reykjavík (SW) Roseau (WW) Saint John's (WW) San Salvador (NN) Santo Domingo (WW) Belmopan
43%
Asunción (SS) Bamako (SW) Bissau (SW) Conakry (SW) Freetown (SW) Georgetown (SS) Lima (SE) Maseru (WW) Monrovia (SW) Montevideo (WW) Ouagadougou (SW) Paramaribo (SS) Santiago (EE) Buenos Aires
43%
Abu Dhabi (EE) Antananarivo (NE) Bandar Seri Begawan (NW) Bangkok (NW) Beijing (SW) Canberra (NW) Dili (NW) Doha (EE) Dushanbe (SE) Kathmandu (SE) Kuwait City (EE) Malé (NE) Manama (EE) Maputo (NE) Maseru (NE) Mbabane (NE) Muscat (EE) Naypyidaw (NW) Phnom Penh (NW) Riyadh (EE) Taipei (WW) Tashkent (SE) Victoria (NE) Dhaka
43%
Abuja (SE) Amman (SS) Asmara (SS) Bangui (SE) Beirut (SS) Brasília (EE) Damascus (SS) Dili (WW) Jerusalem (SS) Malabo (SE) Maputo (NN) Mogadishu (SW) Moscow (SS) N'Djamena (SE) New Delhi (SW) Niamey (SE) Ouagadougou (SE) Ulaanbaatar (SW) Yaoundé (SE) Lilongwe
43%
Baghdad (SS) Brasília (EE) Dili (WW) Dodoma (SE) Gaborone (NE) Jakarta (WW) Juba (SE) Kampala (SE) Kathmandu (SW) Kigali (SE) Kuwait City (SS) Lisbon (SE) Luanda (EE) Maputo (NE) Maseru (NE) Mbabane (NE) Mogadishu (SS) N'Djamena (SE) Pretoria (NE) Rabat (SE) Riyadh (SS) Sana'a (SS) Tbilisi (SS) Thimphu (SW) Ulaanbaatar (SW) Yerevan (SS) Moroni
43%
Basseterre (WW) Belmopan (EE) Dakar (WW) Georgetown (NW) Kingston (EE) Mexico City (EE) Nassau (SE) N'Djamena (WW) Niamey (WW) Nouakchott (WW) Panama City (NE) Paramaribo (NW) Port-au-Prince (EE) Port-of-Spain (NW) Praia (WW) Saint George's (NW) Santiago (NN) Sucre (NN) Santo Domingo
42%
Addis Ababa (EE) Beijing (SS) Bishkek (SE) Colombo (EE) Dhaka (SE) Dili (NW) Jakarta (NE) Juba (EE) Kampala (EE) Kathmandu (SE) Kigali (EE) Kuala Lumpur (EE) Majuro (WW) Malé (EE) Mogadishu (EE) Nairobi (EE) Naypyidaw (SE) Ngerulmud (WW) Palikir (WW) South Tarawa (WW) Tashkent (SE) Thimphu (SE) Tokyo (SW) Vientiane (SE) Wellington (NW) Bandar Seri Begawan
41%
Belmopan (NE) Brasília (NW) Caracas (NW) Georgetown (NW) Guatemala City (NE) Kingston (NW) Lima (NN) Nouakchott (WW) Quito (NN) Reykjavík (SW) San José (NN) Havana
41%
Addis Ababa (EE) Asmara (EE) Astana (SE) Bangkok (EE) Djibouti (EE) Khartoum (EE) Port Moresby (NW) Pyongyang (SS) Sana'a (EE) Singapore (NE) Taipei (SS) Tokyo (SW) Wellington (NW) Manila
40%
Bangkok (SE) Dhaka (SE) Dili (SE) Funafuti (SW) Kathmandu (SE) Kuala Lumpur (SE) Naypyidaw (SE) Phnom Penh (SE) Port Vila (SW) Singapore (SE) Thimphu (SE) Canberra
39%
Addis Ababa (EE) Asmara (EE) Bangui (EE) Bishkek (SE) Canberra (NW) Dhaka (SE) Dili (NW) Djibouti (EE) Dushanbe (SE) Hanoi (SS) Islamabad (SE) Jakarta (NN) Kabul (SE) Kathmandu (SE) Khartoum (EE) Majuro (WW) Naypyidaw (SE) N'Djamena (EE) Ngerulmud (WW) Sana'a (EE) Seoul (SW) Singapore (NN) Taipei (SW) Tashkent (SE) Thimphu (SE) Tokyo (SW) Ulaanbaatar (SS) Phnom Penh
39%
Bamako (WW) Banjul (WW) Basseterre (WW) Bissau (WW) Bogotá (NW) Bridgetown (WW) Castries (WW) Conakry (WW) Dakar (WW) Freetown (WW) Guatemala City (EE) Kingstown (WW) Nassau (SW) Niamey (WW) Nouakchott (WW) Ouagadougou (WW) Port-of-Spain (WW) Porto-Novo (WW) Praia (WW) Reykjavík (SW) Roseau (WW) Saint George's (WW) Saint John's (WW) San José (NW) Tegucigalpa
39%
Algiers (EE) Amman (EE) Andorra la Vella (EE) Ankara (EE) Apia (NW) Ashgabat (EE) Athens (EE) Baghdad (EE) Baku (EE) Bangkok (NE) Beirut (EE) Bishkek (EE) Damascus (EE) Dili (NN) Dushanbe (EE) Funafuti (NW) Hanoi (NE) Islamabad (EE) Jerusalem (EE) Kabul (EE) Monaco (EE) Nicosia (EE) Nukuʻalofa (NW) Palikir (NW) Phnom Penh (NE) Podgorica (EE) Port Louis (NE) Pristina (EE) Rome (EE) San Marino (EE) Sarajevo (EE) Skopje (EE) Sofia (EE) South Tarawa (NW) Suva (NW) Tashkent (EE) Tbilisi (EE) Tehran (EE) Tirana (EE) Tripoli (EE) Tunis (EE) Ulaanbaatar (SE) Valletta (EE) Vatican City (EE) Vientiane (NE) Yaren (NW) Yerevan (EE) Seoul
38%
Accra (WW) Bamako (WW) Banjul (WW) Bissau (WW) Bridgetown (WW) Caracas (WW) Castries (WW) Conakry (WW) Dakar (WW) Freetown (WW) Kingstown (WW) Lomé (WW) Monrovia (WW) Niamey (WW) Ouagadougou (WW) Port-of-Spain (WW) Porto-Novo (WW) Praia (WW) Reykjavík (SW) Roseau (WW) Saint George's (WW) San José (NW) Yamoussoukro (WW) Managua
37%
Apia (WW) Astana (SE) Canberra (NN) Dili (EE) Funafuti (WW) Honiara (WW) Jakarta (EE) Manila (SE) Ngerulmud (SE) Taipei (SE) Wellington (NW) Port Moresby
37%
Apia (WW) Bandar Seri Begawan (SE) Bangkok (SE) Bishkek (SE) Canberra (NW) Dhaka (SE) Dodoma (EE) Dushanbe (SE) Funafuti (WW) Honiara (WW) Islamabad (SE) Jakarta (EE) Kathmandu (SE) Lilongwe (EE) Moroni (EE) Nairobi (EE) Naypyidaw (SE) Phnom Penh (SE) Port Moresby (WW) Pyongyang (SS) Seoul (SS) Tashkent (SE) Thimphu (SE) Victoria (EE) Vientiane (SE) Dili
36%
Accra (EE) Addis Ababa (SE) Algiers (SE) Andorra la Vella (SE) Antananarivo (NN) Baku (SS) Bandar Seri Begawan (WW) Bangui (EE) Colombo (WW) Dodoma (NE) Dublin (SE) Gaborone (NE) Harare (NE) Islamabad (SW) Kampala (EE) Khartoum (SE) Kuala Lumpur (WW) Kuwait City (SS) Libreville (EE) Lilongwe (NE) Lomé (EE) Lusaka (NE) Madrid (SE) Malabo (EE) Malé (WW) Monrovia (EE) Moroni (NN) New Delhi (SW) Ngerulmud (WW) Porto-Novo (EE) Riyadh (SS) São Tomé (EE) Singapore (WW) Tehran (SS) Tripoli (SE) Tunis (SE) Ulaanbaatar (SW) Valletta (SE) Windhoek (NE) Yaoundé (EE) Mogadishu
35%
Abu Dhabi (EE) Asmara (EE) Bandar Seri Begawan (NW) Beijing (SW) Bishkek (SE) Canberra (NW) Colombo (NE) Dhaka (SE) Dili (NW) Doha (EE) Dushanbe (SE) Hanoi (WW) Kathmandu (SE) Khartoum (EE) Malé (NE) Manama (EE) Muscat (EE) Niamey (EE) Phnom Penh (NW) Port Louis (NE) Pyongyang (SW) Tashkent (SE) Thimphu (SE) Naypyidaw
34%
Abu Dhabi (SS) Baku (SS) Bangui (SE) Beijing (SW) Bujumbura (SE) Colombo (SW) Dhaka (SW) Dodoma (SE) Doha (SS) Harare (EE) Kampala (SE) Kigali (SE) Kuwait City (SS) Lisbon (SE) Malé (SW) Manama (SS) N'Djamena (SE) Port Louis (WW) Rabat (SE) Tehran (SS) Thimphu (SW) Windhoek (EE) Antananarivo
33%
Canberra (NE) Dili (EE) Honiara (EE) Jakarta (EE) Palikir (SE) Port Moresby (EE) Port Vila (NE) Pyongyang (SE) Seoul (SE) Suva (NN) Tokyo (SE) Ulaanbaatar (SE) Wellington (NN) Funafuti
32%
Abu Dhabi (EE) Astana (SE) Bangkok (NE) Bishkek (SE) Doha (EE) Jakarta (NN) Khartoum (EE) Muscat (EE) Naypyidaw (EE) Phnom Penh (NN) Port Louis (NE) Pyongyang (SW) Riyadh (EE) Seoul (SW) Singapore (NN) Ulaanbaatar (SS) Vientiane (NE) Wellington (NW) Hanoi
31%
Abu Dhabi (EE) Cairo (EE) Dhaka (EE) Dili (NN) Doha (EE) Honiara (NW) Kathmandu (EE) Kuala Lumpur (NE) Kuwait City (EE) Manama (EE) Manila (NN) Muscat (EE) New Delhi (EE) Ngerulmud (NW) Phnom Penh (NE) Port Moresby (NW) Port Vila (NW) Riyadh (EE) Singapore (NE) Thimphu (EE) Taipei
29%
Bamako (SW) Buenos Aires (EE) Conakry (SW) Freetown (SW) Lima (SE) Maseru (WW) Monrovia (SW) Niamey (SW) Ouagadougou (SW) Paramaribo (SS) Santiago (EE) Yamoussoukro (SW) Montevideo
25%
Beijing (SE) Funafuti (SS) Palikir (SE) Port Vila (EE) Pyongyang (SE) Seoul (SE) Wellington (NN) Suva
25%
Asmara (EE) Astana (SE) Bandar Seri Begawan (NW) Bishkek (SE) Dili (NW) Hanoi (SW) Jakarta (NN) Khartoum (EE) Kuala Lumpur (NN) Muscat (EE) N'Djamena (EE) Port Louis (NE) Pyongyang (SW) Sana'a (EE) Seoul (SW) Singapore (NN) Tashkent (SE) Thimphu (SE) Ulaanbaatar (SS) Wellington (NW) Vientiane
24%
Bandar Seri Begawan (SE) Funafuti (SS) Hanoi (SE) Manila (SE) Port Moresby (SE) Santiago (WW) Suva (SS) Vientiane (SE) Wellington
24%
Algiers (SE) Antananarivo (EE) Ashgabat (SS) Beijing (SW) Colombo (SW) Gaborone (EE) Hanoi (SW) Harare (EE) Juba (SE) Kampala (SE) Lisbon (SE) Lusaka (EE) Madrid (SE) Muscat (SS) Nairobi (SE) Naypyidaw (SW) Pyongyang (SW) Rabat (SE) Seoul (SW) Vientiane (SW) Windhoek (EE) Port Louis
23%
Beijing (SE) Colombo (EE) Honiara (NE) Kuala Lumpur (EE) Nukuʻalofa (NW) Palikir (SE) Port Vila (NN) Pyongyang (SE) Seoul (SE) Singapore (EE) Tokyo (SE) Ulaanbaatar (SE) Wellington (NN) Yaren
22%
Bandar Seri Begawan (EE) Beijing (SE) Colombo (EE) Funafuti (NW) Honiara (NN) Kuala Lumpur (EE) Majuro (WW) Malé (EE) Ngerulmud (EE) Nukuʻalofa (NW) Pyongyang (SE) Seoul (SE) Suva (NW) Ulaanbaatar (SE) Yaren (NW) Palikir
20%
Beijing (SE) Canberra (NE) Funafuti (SW) Honiara (SE) Majuro (SS) Ngerulmud (SE) Suva (WW) Taipei (SE) Ulaanbaatar (SE) Port Vila
20%
Apia (WW) Dili (EE) Funafuti (WW) Jakarta (EE) Port Moresby (EE) Port Vila (NW) South Tarawa (SW) Taipei (SE) Yaren (SW) Honiara
19%
Apia (NW) Bandar Seri Begawan (EE) Honiara (NE) Kuala Lumpur (EE) Ngerulmud (EE) Pyongyang (SE) Seoul (SE) Singapore (EE) Tokyo (SE) Wellington (NN) South Tarawa
18%
Dili (EE) Honiara (EE) Majuro (SE) Port Moresby (EE) Pyongyang (SE) Seoul (SE) South Tarawa (SE) Tokyo (SE) Apia
17%
Apia (NW) Bandar Seri Begawan (EE) Kuala Lumpur (EE) Ngerulmud (EE) Palikir (EE) Phnom Penh (EE) Port Vila (NN) Singapore (EE) Tokyo (SE) Wellington (NN) Majuro
17%
Bandar Seri Begawan (EE) Colombo (EE) Kuala Lumpur (EE) Majuro (WW) Malé (EE) Mogadishu (EE) Palikir (WW) Phnom Penh (EE) Port Moresby (NW) Port Vila (NW) South Tarawa (WW) Taipei (SE) Tokyo (SS) Ngerulmud
12%
Beijing (SE) Palikir (SE) Pyongyang (SE) Seoul (SE) Yaren (SE) Nukuʻalofa
11%
No matching quizzes found
Score Distribution
Percent of People with Each Score
Percentile by Number Answered
Your Score History
You have not taken this quiz